| Registos Bibliográficos associados ao registo de autoridade |
|
Etiqueta de registo: 00836cam 2200241 450 001 1046142 003 http://id.bnportugal.gov.pt/bib/catbnp/1046142 005 20010426112200.0 021 ## $aPT$b155551/00 100 ## $a20010129g20009999m y0pory0103 ba 101 0# $apor 102 ## $aPT 105 ## $aa b 001yy 106 ## $ar 200 1# $aImportante leilão de livros$eBiblioteca de Ângelo Pereira$f[org.] Leiria e Nascimento 210 #9 $aLisboa$cLeiria e Nascimento,$d2000- 215 ## $av.$cil.$d27 cm 503 1# $aCatálogo de leilão,$j2000,$d1008 606 ## $2SIPOR$3986488 675 ## $a017.3 Pereira, Ângela$vBN$zpor$3986487 675 ## $a658.8(469) Leiria e Nascimento(083.81)$vBN$zpor$3650697 710 02 $aWorld Legend - Leiria e Nascimento$312521 966 ## $b001$d2000$eOut.$lBN$mFGMON$sB.C. 1790 V.$x1 966 ## $b001$d2000$eOut.$lBN$mFGMON$sB.C. 1790 V.$x1
Etiqueta de registo: 00884cam 2200265 450 001 1056951 003 http://id.bnportugal.gov.pt/bib/catbnp/1056951 005 20010919161900.0 021 ## $aPT$b158342/00 021 ## $aPT$b216805/04 021 ## $aPT$b219145/04 021 ## $aPT$b221378/05 021 ## $aPT$b222586/05 021 ## $aPT$b223743/05 021 ## $aPT$b224860/05 021 ## $aPT$b221378/05 100 ## $a20010522g20009999m y0pory0103 ba 101 0# $apor 102 ## $aPT 105 ## $aa b 001yy 106 ## $ar 200 1# $aAntiguidades, objectos de arte, jóias, pintura moderna e contemporânea$f[org.] Leiria e Nascimento 210 #9 $aLisboa$cLeiria e Nascimento,$d2000- 215 ## $av.$cil.$d27 cm 503 1# $aCatálogo de leilão.$j2000 503 1# $aCatálogo de leilão.$j2004 503 1# $aCatálogo de leilão.$j2004 503 1# $aCatálogo de leilão.$j2005 503 1# $aCatálogo de leilão.$j2005 503 1# $aCatálogo de leilão.$j2005 503 1# $aCatálogo de leilão.$j2005 517 1# $aLeilão de antiguidades, objectos de arte, jóias, pintura moderna e contemporânea 606 ## $aArte$xLeilões$x[Catálogos]$2SIPOR$31225388 606 ## $aAntiguidades$xLeilões$j[Catálogos]$2SIPOR$3129395 675 ## $a73/75(083.82)$vBN$zpor$31242579 675 ## $a7.075(083.82)$vBN$zpor$31222913 675 ## $a061.4$vBN$zpor$3288771 712 02 $aWorld Legend - Leiria e Nascimento$4273$312521 801 #0 $aPT$bBN$gRPC 966 ## $b001$d[3º v.]$lBN$mFGMON$sC.G. 17846 V.$x1 966 ## $b001$d[4º v.]$lBN$mFGMON$sC.G. 17846 V.$x1 966 ## $b001$d[5º v.]$lBN$mFGMON$sC.G. 17846 V.$x1 966 ## $b001$d[6º v.]$lBN$mFGMON$sC.G. 17846 V.$x1 966 ## $b001$d[7º v.]$lBN$mFGMON$sC.G. 17846 V.$x1 966 ## $b001$d[1º v.]$lBN$mFGMON$sC.G. 17846 V.$x1 966 ## $b001$d[1º v.]$lBN$mFGMON$sC.G. 17846 V.$x1 966 ## $b001$d[2º v.]$lBN$mFGMON$sC.G. 17846 V.$x1 966 ## $b001$d[4º v.]$lBN$mFGMON$sC.G. 17846 V.-D $x1 966 ## $b001$d[7º v.]$lBN$mFGMON$sC.G. 17846 V.-D $x1 966 ## $b001$d[5º v.]$lBN$mFGMON$sC.G. 17846 V.-D $x1 966 ## $b001$d[6º v.]$lBN$mFGMON$sC.G. 17846 V.-D $x1 966 ## $b001$d[2º v.]$lBN$mFGMON$sC.G. 17846 V.-D $x1 966 ## $b001$d[3º v.]$lBN$mFGMON$sC.G. 17846 V.-D $x1
Etiqueta de registo: 01057cam 2200313 450 001 1056952 003 http://id.bnportugal.gov.pt/bib/catbnp/1056952 005 20020722153500.0 021 ## $aPT$b158342/00 021 ## $aPT$b166071/01 021 ## $aPT$b196917/03 021 ## $aPT$b207855/04 021 ## $aPT$b221042/05 100 ## $a20010522g20009999m y0pory0103 ba 101 0# $apor 102 ## $aPT 105 ## $aa b 000yy 106 ## $ar 200 1# $aImportante leilão de livros$evárias proveniências$f[org.] Leiria e Nascimento 210 #9 $aLisboa$cLeiria e Nascimento,$d2000- 215 ## $av.$cil.$d27 cm 503 1# $aCatálogo de leilão.$j2000 503 1# $aCatálogo de leilão.$j2001 503 1# $aCatálogo de leilão.$j2003 503 1# $aCatálogo de leilão.$j2004 503 1# $aCatálogo de leilão.$j2005 517 1# $aLeilão de livros 517 1# $aEspólio de Acúrcio Pereira 606 ## $aLivros$xLeilões$x[Catálogos]$2SIPOR$3226292 675 ## $a017.3$vBN$zpor$3297463 675 ## $a7.075(083.82)$vBN$zpor$31222913 675 ## $a061.4$vBN$zpor$3288771 712 02 $aWorld Legend - Leiria e Nascimento$4273$312521 966 ## $b001$dJunho$e2001$lBN$mFGMON$sB.C. 1797 V.$x1 966 ## $b001$dDez.$e2000$lBN$mFGMON$sB.C. 1797 V.$x1 966 ## $b001$dJunho$e2001$lBN$mFGMON$sB.C. 1797 V.$x1 966 ## $b001$dJun.$e2003$lBN$mFGMON$sB.C. 1797 V.$x1 966 ## $b001$dJun.$e2003$lBN$mFGMON$sB.C. 1797 V.$x1 966 ## $b001$dMar.$e2004$lBN$mFGMON$sB.C. 1797 V.$x1 966 ## $b001$dMar.$e2004$lBN$mFGMON$sB.C. 1797 V.$x1 966 ## $b001$dJan.$e2005$lBN$mFGMON$sB.C. 1797 V.$x1 966 ## $b001$dDez.$e2000$lBN$mFGMON$sB.C. 1797 V.$x1 966 ## $b001$dJan.$e2005$lBN$mFGMON$sB.C. 1797 V.-D $x1
Etiqueta de registo: 00823cam 2200205 450 001 1061126 003 http://id.bnportugal.gov.pt/bib/catbnp/1061126 005 20010823174500.0 100 ## $a20010704d1947 m y0pory0103 ba 101 0# $apor 102 ## $aPT 105 ## $ay b 000yy 106 ## $ar 200 1# $aCatálogo das moedas de ouro que para cumprimento de testamento e de harmonia com a
autorisação judicial serão vendidas em hasta pública na Casa Liquidadora$f[ed. lit.] Leiria & Nascimento 210 #9 $aLisboa$cL.N.,$dimp. 1947 215 ## $a[11] p.$d24 cm 500 10 $aCatálogo das moedas de ouro que para cumprimento de testamento e de harmonia com a
autorização judicial serão vendidas em hasta pública na Casa Liquidadora 712 02 $aWorld Legend - Leiria e Nascimento$312521 801 #0 $aPT$bBN$gRPC 966 ## $lBN$mFGMON$sN. 266//11 V. $x0 966 ## $lBN$mFGMON$sN. 518 V. $x0 997 ## $aBIBEOD
Etiqueta de registo: 00820cam 2200241 450 001 1070457 003 http://id.bnportugal.gov.pt/bib/catbnp/1070457 005 20020412155100.0 021 ## $aPT$b164279/01 100 ## $a20011105d2001 m y0pory0103 ba 101 0# $apor 102 ## $aPT 105 ## $aa b 001yy 106 ## $ar 200 1# $aAntiguidades, objectos de arte, pintura moderna, pintura contemporânea e importante
colecção de bengalas$f[org.] Leiria e Nascimento 210 #9 $aLisboa$cLeiria e Nascimento,$d2001 215 ## $a185, [3] p.$cil.$d27 cm 503 ## $aCatálogo de leilão,$j2001,$d0515 606 ## $aAntiguidades$xLeilões$j[Catálogos]$2SIPOR$3129395 675 ## $a7(083.82)$vBN$zpor$3390152 675 ## $a7.075$vBN$zpor$31004982 712 02 $aWorld Legend - Leiria e Nascimento$4273$312521 900 ## $aBIBNAC$d20130602 966 ## $lBN$mFGMON$sB.A. 20334 V.$x1 966 ## $lBN$mFGMON$sB.A. 20334 V.$x1
Etiqueta de registo: 00639cam 02200229 04500 001 1092486 003 http://id.bnportugal.gov.pt/bib/catbnp/1092486 005 20030412130900.0 021 ## $aPT$b179900/02 100 ## $a20021003g20029999m y0pory0103 ba 101 0# $apor 102 ## $aPT 105 ## $aa b 000yy 106 ## $ar 200 1# $aParte de uma Colecção de Casa no Norte$eexposição$fLeiria e Nascimento 210 #9 $aLisboa$cLeiria e Nascimento,$dD.L. 2002- 215 ## $av.$cil.$d27 cm 503 1# $aCatálogo de leilão 606 ## $aAntiguidades$xLeilões$j[Catálogos]$2SIPOR$3129395 675 ## $a7(083.82)$vBN$zpor$3390152 675 ## $a7.075$vBN$zpor$31004982 710 02 $aWorld Legend - Leiria e Nascimento$312521 966 ## $b001$dMaio 2002$lBN$mFGMON$sC.G. 18502 V.$x1 966 ## $b001$dMaio 2002$lBN$mFGMON$sC.G. 18502 V.$x1
Etiqueta de registo: 00770cam 02200241 04500 001 1092487 003 http://id.bnportugal.gov.pt/bib/catbnp/1092487 005 20030412130600.0 021 ## $aPT$b179901/02 100 ## $a20021003g20029999m y0pory0103 ba 101 0# $apor 102 ## $aPT 105 ## $aa z 000yy 106 ## $ar 200 1# $aAntiguidades, objectos de arte e importante colecção de pintura portuguesa, moderna
e contemporânea$eexposição$fLeiria e Nascimento 210 #9 $aLisboa$cLeiria e Nascimento,$dD.L. 2002- 215 ## $av.$cmuito il.$d27 cm 606 ## $aAntiguidades$xLeilões$j[Catálogos]$2SIPOR$3129395 606 ## $aPintura portuguesa$xLeilões$x[Catálogos]$2SIPOR$393933 675 ## $a7(083.82)$vBN$zpor$3390152 675 ## $a7.075$vBN$zpor$31004982 710 02 $aWorld Legend - Leiria e Nascimento$312521 966 ## $b001$d2002$lBN$mFGMON$sC.G. 18433 V.$x1 966 ## $b001$d2002$lBN$mFGMON$sC.G. 18433 V.$x1
Etiqueta de registo: 00589c 02200193 04500 001 101758 003 http://id.bnportugal.gov.pt/bib/catbnp/101758 005 19981120010800.0 095 ## $aPTBN00105825 100 ## $a19950301d1956 m y0pora0103 ba 101 0# $apor 102 ## $aPT 200 1# $aAlgumas obras de arte da colecção do professor Luís Reis dos Santos para serem leiloadas$fLeiria e Nascimento, Lda 210 #9 $aLisboa$c[s.n.],$d1956 215 ## $a38, XXI p.$cil.$d24 cm 675 ## $a7$vmed$zpor$3288103 710 02 $aWorld Legend - Leiria e Nascimento$312521 801 #0 $aPT$bBN$gRPC 966 ## $lBN$mFGMON$sB.A. 8261 V. 997 ## $aBIBEOD 998 ## $aCR306 - 00467
Etiqueta de registo: 00598cam 022001931 04500 001 838212 003 http://id.bnportugal.gov.pt/bib/catbnp/838212 005 19990126000000.0 095 ## $aPTBN00492066 100 ## $a19910103d1952 km y0pory0103 ba 101 0# $apor 102 ## $aPT 200 1# $aLeilão de parte do mobiliário, objectos de arte, pinturas e adornos que guarnecem
o palácio Pombal em Oeiras 210 #9 $aLisboa$cTip. Americana,$d1952 215 ## $a6 p.$cil.$d25 cm 503 1# $aCatálogo de leiläo,$k1952 710 02 $aWorld Legend - Leiria e Nascimento$312521 801 #0 $aPT$bBN$gRPC 966 ## $lBN$mFGMON$sB.A. 8219 V. 998 ## $aCI251-228
Etiqueta de registo: 00230nam 2200025 450 001 1748019 003 http://id.bnportugal.gov.pt/bib/catbnp/1748019 021 ## $aPT$b286163/08 100 ## $a20100604d2008 m y0pory0103 ba 101 0# $apor 102 ## $aPT 105 ## $aa b 000yy 106 ## $ar 200 1# $aAntiguidades, pintura, jóias e objectos decorativos$f[org] Leiria e Nascimento 210 #9 $aLisboa$cL.N.,$dD.L. 2008 215 ## $a33, [7] p. a 2 colns$cil.$d27 cm 503 1# $aCatálogo de leilão.$d0810,$j2008$mLisboa 675 ## $a73/76(083.82)$vBN$zpor$3920563 675 ## $a7.075(083.82)$vBN$zpor$31222913 675 ## $a061.4$vBN$zpor$3288771 712 02 $aWorld Legend - Leiria e Nascimento$4340$312521 801 #0 $aPT$bBN$gRPC 900 ## $aBIBNAC$d20100803 966 ## $lBN$mFGMON$sB.A. 31794 V.$x1 966 ## $lBN$mFGMON$sB.A. 31794 V.-D$x1
Etiqueta de registo: 00941cam 2200241 450 001 1021167 003 http://id.bnportugal.gov.pt/bib/catbnp/1021167 005 20001003145900.0 021 ## $aPT$b93944/95 100 ## $a20000505d1999 km y0pory0103 ba 101 0# $apor 102 ## $aPT 105 ## $aa b 001yy 106 ## $ar 200 1# $aImportante leilão [de] bibliotecas$eex-colecção Comandante Ernesto Vilhena, Joaquim Pessoa, várias proveniências e parte
do espólio do Prof. Dr. António Oliveira Salazar$fLeiria e Nascimento 210 #9 $aLisboa$cLeiria e Nascimento,$d1990 215 ## $a61, [2] p. a 2 colns.$cil.$d27 cm 503 1# $aCatálogo de leilão.$j1999,$d1010 606 ## $aLivros$xLeilões$x[Catálogos]$2SIPOR$3226292 675 ## $a017.3(083.82)$vBN$zpor$3949338 675 ## $a658.8(469)Leiria e Nascimento(083.81)$vBN$zpor$31212019 710 02 $aWorld Legend - Leiria e Nascimento$312521 966 ## $b001$dOutubro$e1999$lBN$mFGMON$sB. 12590 V.$x1 966 ## $b001$dOutubro$e1999$lBN$mFGMON$sB. 12590 V.$x1 997 ## $aBIBEOD
Etiqueta de registo: 01426cam 02200373 04500 001 883098 003 http://id.bnportugal.gov.pt/bib/catbnp/883098 021 ## $aPT$b91294/95 100 ## $a19990511d1998 m y0pory01030103ba 101 0# $apor 102 ## $aPT 105 ## $aa b 000yy 106 ## $ar 200 1# $aImportante biblioteca Eduardo Brasão$fLeiria e Nascimento$gcoord. Dolores Segrelles... [et al.]$gfot. Paulo Rascão 210 #9 $aLisboa$cLeiria e Nascimento,$d1998 215 ## $a109 p.$cil.$d27 cm 503 1# $aCatálogo de leilão.$j1998,$d06,$mLisboa 606 ## $aBibliotecas particulares$xLeilões$x[Catálogos]$2SIPOR$31302981 675 ## $a017.2$vBN$zpor$3312260 675 ## $a017.3$vBN$zpor$3297463 675 ## $a061.4$vBN$zpor$3288771 675 ## $a7.075(083.82)$vBN$zpor$31222913 702 #1 $aSegrelles,$bDolores$4340$368354 702 #1 $aRascão,$bPaulo$4600$3891663 710 02 $aWorld Legend - Leiria e Nascimento$312521 801 #0 $aPT$bBN$gRPC 856 41 $uhttp://rnod.bnportugal.gov.pt/ImagesBN/winlibimg.aspx?skey=&doc=883098&img=217167&save=true 966 ## $lBN$mFGMON$sB. 14044 V.$x1 966 ## $lBN$mFGMON$sB. 14044 V.-D$x1 976 ## $d20260106$risantos
Etiqueta de registo: 00230nam 2200025 450 001 1586778 003 http://id.bnportugal.gov.pt/bib/catbnp/1586778 100 ## $a20070413d2006 m y0pory01030103ba 101 0# $apor 102 ## $aPT 105 ## $aa b 000yy 106 ## $ar 200 1# $aImportante leilão de livros$evárias proveniências 210 #9 $aLisboa$cLeiria e Nascimento,$d2006 215 ## $a73, [6] p.$cil.$d27 cm 503 1# $aCatálogo de leilões.$d03$j2006$mLisboa 517 1# $aImportante leilão de livros de várias proveniências 675 ## $a017.3$vBN$zpor$3297463 675 ## $a7.075(083.82)$vBN$zpor$31222913 675 ## $a061.4$vBN$zpor$3288771 710 02 $aWorld Legend - Leiria e Nascimento$312521 801 #0 $aPT$bBN$gRPC 900 ## $aBIBNAC$d20130602 966 ## $lBN$mFGMON$sB. 13300 V.$x1 966 ## $lBN$mFGMON$sB. 13300 V.-D $x1 966 ## $lBN$mFGMON$sB. 14053 V.$x3 972 ## $e0$z0$d20260421$vlrevez
Etiqueta de registo: 00000nam 2200025 450 001 2223575 003 http://id.bnportugal.gov.pt/bib/catbnp/2223575 021 ## $aPT$b252939/07 100 ## $a20250819d2007 m y0pory01030103ba 101 0# $apor 102 ## $aPT 105 ## $aa b 000yy 106 ## $ar 200 1# $aImportante leilão de livros, diversas proveniências$fLeiria e Nascimento 210 #9 $aLisboa$cLeiria e Nascimento,$d2007 215 ## $a122, [6] p.$cil.$d27 cm 503 1# $aCatálogo de leilão.$d0122,$j2007$mLisboa 675 ## $a017.3$vBN$zpor$3297463 710 02 $aWorld Legend - Leiria e Nascimento$312521 801 #0 $aPT$bBN$gRPC 966 ## $lBN$mFGMON$pDoação António Brás$sP. 72555 V.$x3 971 ## $corlando$d20250908 972 ## $e0$z0$d20260528$vasantos 973 ## $cigoulao$d20260413
Etiqueta de registo: 00230nam 2200025 450 001 1327484 003 http://id.bnportugal.gov.pt/bib/catbnp/1327484 021 ## $aPT$b204035/03 100 ## $a20050701d2003 m y0pory01030103ba 101 0# $apor 102 ## $aPT 105 ## $aa b 000yy 106 ## $ar 200 1# $aAntiguidades, objectos de arte, jóias, pintura moderna e contemporânea$forg. Leiria e Nascimento 210 #9 $aLisboa$cLeiria e Nascimento,$d2003 215 ## $a187, [5] p.$cil.$d27 cm 317 ## $aBiblioteca particular de Eduardo Nery$5PTBN: B.A. 50809 V. 503 1# $aCatálogo de leilão.$j2003,$d1216 606 ## $aArte$xLeilões$x[Catálogos]$2SIPOR$31225388 606 ## $aAntiguidades$xLeilões$j[Catálogos]$2SIPOR$3129395 675 ## $a73/76(083.82)$vBN$zpor$3920563 675 ## $a7.075(083.82)$vBN$zpor$31222913 675 ## $a061.4$vBN$zpor$3288771 712 02 $aWorld Legend - Leiria e Nascimento$4340$312521 900 ## $aBIBNAC$d20130602 966 ## $lBN$mFGMON$sB.A. 24806 V.$x1 966 ## $lBN$mFGMON$sB.A. 24806 V.$x1 966 ## $lBN$mFGMON$pBiblioteca Eduardo Nery$sB.A. 50809 V.$x3 972 ## $e0$z0$d20240531$vmsebas
Etiqueta de registo: 00230nam 2200025 450 001 1327490 003 http://id.bnportugal.gov.pt/bib/catbnp/1327490 021 ## $aPT$b212804/04 100 ## $a20050701d2004 m y0pory0103 ba 101 0# $apor 102 ## $aPT 105 ## $aa b 000yy 106 ## $ar 200 1# $aImportante colecção de antiguidades$fLeiria e Nascimento 210 #9 $aLisboa$cLeiria e Nascimento,$d2004 215 ## $a107, [5] p.$cil.$d28 cm 503 1# $aCatálogo de leilão.$j2004,$d0622 606 ## $aAntiguidades$xLeilões$j[Catálogos]$2SIPOR$3129395 675 ## $a73/76(083.82)$vBN$zpor$3920563 675 ## $a7.075(083.82)$vBN$zpor$31222913 675 ## $a061.4$vBN$zpor$3288771 712 02 $aWorld Legend - Leiria e Nascimento$4273$312521 900 ## $aBIBNAC$d20130602 966 ## $lBN$mFGMON$sB.A. 24805 V.$x1 966 ## $lBN$mFGMON$sB.A. 24805 V.-D $x1
Etiqueta de registo: 00230nam 2200025 450 001 1371082 003 http://id.bnportugal.gov.pt/bib/catbnp/1371082 021 ## $aPT$b218048/04 100 ## $a20060525d2004 m y0pory0103 ba 101 0# $apor 102 ## $aPT 105 ## $aa z 000yy 106 ## $ar 200 1# $aImportante colecção de antiguidades, pintura moderna e contemporânea$f[ed.] Leiria e Nascimento 210 #9 $aLisboa$cLeiria e Nascimento,$dD.L. 2004 215 ## $a115, [11] p.$cil.$d28 cm 300 ## $aExposição realizada no Palácio das Exposições da Tapada da Ajuda 606 ## $aAntiguidades$xLeilões$j[Catálogos]$2SIPOR$3129395 675 ## $a73/76(083.82)$vBN$zpor$3920563 675 ## $a7.075(083.82)$vBN$zpor$31222913 675 ## $a061.4$vBN$zpor$3288771 712 02 $aWorld Legend - Leiria e Nascimento$4650$312521 801 #0 $aPT$bBN$gRPC 900 ## $aBIBNAC$d20130602 966 ## $lBN$mFGMON$sB.A. 25681 V.$x1 966 ## $lBN$mFGMON$nEncadernado$sB.A. 25681 V.-D$x1
Etiqueta de registo: 00230nam 2200025 450 001 1377066 003 http://id.bnportugal.gov.pt/bib/catbnp/1377066 021 ## $aPT$b228888/05 100 ## $a20060731d2005 m y0pory0103 ba 101 0# $apor 102 ## $aPT 105 ## $aa b 000yy 106 ## $ar 200 1# $aAntiguidades, objectos de arte, jóias, pintura moderna e contemporânea$f[ed.] Leiria e Nascimento 210 #9 $aLisboa$cLeiria e Nascimento,$d2005 215 ## $a239 [5] p.$cil.$d27 cm 300 ## $aExposição realizada no Palácio das Exposições da Tapada da Ajuda 503 1# $aCatálogo de leilão.$j2005,$d0705 606 ## $aArte$xLeilões$x[Catálogos]$2SIPOR$31225388 675 ## $a73/76(083.82)$vBN$zpor$3920563 675 ## $a7.075(083.82)$vBN$zpor$31222913 675 ## $a061.4$vBN$zpor$3288771 712 02 $aWorld Legend - Leiria e Nascimento$4650$312521 801 #0 $aPT$bBN$gRPC 900 ## $aBIBNAC$d20130602 966 ## $lBN$mFGMON$sB.A. 26329 V.$x1 966 ## $lBN$mFGMON$sB.A. 26329 V.-D $x1
Etiqueta de registo: 00230nam 2200025 450 001 1380074 003 http://id.bnportugal.gov.pt/bib/catbnp/1380074 021 ## $aPT$b227504/05 100 ## $a20060908d2005 m y0pory0103 ba 101 0# $apor 102 ## $aPT 105 ## $aa b 000yy 106 ## $ar 200 1# $aImportante leilão de antiguidades e pintura portuguesa$f[ed.] Leiria e Nascimento 210 #9 $aLisboa$cLeiria e Nascimento,$d2005 215 ## $a101, [10] p.$cil.$d28 cm 300 ## $aLeilão realizado a 29 de Maio a 30 de Maio de 2005, no Palácio das Exposições da Tapada
da Ajuda 503 1# $aCatálogo de leilão.$j2005,$d0529 606 ## $aAntiguidades$xLeilões$j[Catálogos]$2SIPOR$3129395 606 ## $aPintura portuguesa$xLeilões$x[Catálogos]$2SIPOR$393933 675 ## $a7.075(083.82)$vBN$zpor$31222913 675 ## $a75(=1:469)(083.82)$vBN$zpor$31292422 675 ## $a061.4$vBN$zpor$3288771 712 02 $aWorld Legend - Leiria e Nascimento$4340$312521 801 #0 $aPT$bBN$gRPC 900 ## $aBIBNAC$d20130602 966 ## $lBN$mFGMON$sB.A. 26360 V.$x1 966 ## $lBN$mFGMON$sB.A. 26360 V.-D $x1
Etiqueta de registo: 00230nam 2200025 450 001 1380083 003 http://id.bnportugal.gov.pt/bib/catbnp/1380083 021 ## $aPT$b225950/05 100 ## $a20060908d2005 k y0pory0103 ba 101 0# $apor 102 ## $aPT 105 ## $aa b 000yy 106 ## $ar 200 1# $aImportante leilão de livros$evárias proveniências$f[ed.] Leiria e Nascimento 210 #9 $aLisboa$cL.N.,$d2005 215 ## $a85, [11] p. a 2 colns$cil.$d27 cm 503 1# $aCatálogo de leilão.$d0405$j2005 606 ## $aLivros$xLeilões$x[Catálogos]$2SIPOR$3226292 675 ## $a017.3$vBN$zpor$3297463 675 ## $a7.075(083.82)$vBN$zpor$31222913 675 ## $a061.4$vBN$zpor$3288771 712 02 $aWorld Legend - Leiria e Nascimento$4340$312521 801 #0 $aPT$bBN$gRPC 900 ## $aBIBNAC$d20130602 966 ## $lBN$mFGMON$sB.A.D. 6956 V.$x1 966 ## $lBN$mFGMON$sB.A.D. 6956 V.-D $x1
Etiqueta de registo: 00230nam 2200025 450 001 1383290 003 http://id.bnportugal.gov.pt/bib/catbnp/1383290 021 ## $aPT$b232463/05 100 ## $a20061017d2005 km y0pory0103 ba 101 0# $apor 102 ## $aPT 105 ## $aa b 000yy 106 ## $ar 200 1# $aImportante biblioteca particular e outras proveniências$f[ed.] Leiria e Nascimento 210 #9 $aLisboa$cLeiria e Nascimento,$d2005 215 ## $a181, [3] p.$cil.$d27 cm 503 1# $aCatálogo de leilão.$j2005,$d1213 606 ## $aBibliotecas particulares$xLeilões$x[Catálogos]$2SIPOR$31302981 675 ## $a017.2$vBN$zpor$3312260 675 ## $a017.3$vBN$zpor$3297463 675 ## $a7.075(083.82)$vBN$zpor$31222913 675 ## $a061.4$vBN$zpor$3288771 712 02 $aWorld Legend - Leiria e Nascimento$4340$312521 801 #0 $aPT$bBN$gRPC 900 ## $aBIBNAC$d20130602 966 ## $lBN$mFGMON$pAGIR - Produções Gráficas, Lda$sB.A.D. 7032 V.$x1 966 ## $lBN$mFGMON$pAGIR - Produções Gráficas, Lda$sB.A.D. 7032 V.-D $x1
Etiqueta de registo: 00230nam 2200025 450 001 1386190 003 http://id.bnportugal.gov.pt/bib/catbnp/1386190 021 ## $aPT$b233740/05 100 ## $a20061121d2005 m y0pory0103 ba 101 0# $apor 102 ## $aPT 105 ## $aa b 000yy 106 ## $ar 200 1# $aImportante colecção de antiguidades$fed. Leiria e Nascimento 210 #9 $aLisboa$cLeiria e Nascimento,$d2005 215 ## $a89, [5] p.$cil.$d28 cm 503 1# $aCatálogo de leilão.$j2005,$d1025 606 ## $aArte$xLeilões$x[Catálogos]$2SIPOR$31225388 606 ## $aAntiguidades$xLeilões$j[Catálogos]$2SIPOR$3129395 675 ## $a73/76(083.82)$vBN$zpor$3920563 675 ## $a7.075(083.82)$vBN$zpor$31222913 675 ## $a061.4$vBN$zpor$3288771 712 02 $aWorld Legend - Leiria e Nascimento$4273$312521 801 #0 $aPT$bBN$gRPC 900 ## $aBIBNAC$d20130602 966 ## $lBN$mFGMON$pAgir - Produções Gráficas, Lda$sB.A. 26877 V.$x1 966 ## $lBN$mFGMON$pAgir - Produções Gráficas, Lda$sB.A. 26877 V.-D $x1
Etiqueta de registo: 00230nam 2200025 450 001 1386194 003 http://id.bnportugal.gov.pt/bib/catbnp/1386194 021 ## $aPT$b233697/05 100 ## $a20061121d2005 m y0pory0103 ba 101 0# $apor 102 ## $aPT 105 ## $aa b 000yy 106 ## $ar 200 1# $aImportante leilão$ecolecção particular de pintura moderna e contemporânea$e2ª parte$f[ed. lit.] Leiria e Nascimento 210 #9 $aLisboa$cLeiria e Nascimento,$d2005 215 ## $a77, [10] p.$cil.$d27 cm 606 ## $aPintura$xLeilões$j[Catálogos]$2SIPOR$394695 675 ## $a75(083.82)$vBN$zpor$3385353 675 ## $a7.075(083.82)$vBN$zpor$31222913 675 ## $a061.4$vBN$zpor$3288771 712 02 $aWorld Legend - Leiria e Nascimento$4340$312521 801 #0 $aPT$bBN$gRPC 900 ## $aBIBNAC$d20130602 966 ## $b001$d2ª pt.$lBN$mFGMON$pAgir - Prod. Gráficas$sB.A. 26922 V.$x1 966 ## $b001$d2º pt.$lBN$mFGMON$pAgir - Prod. Gráficas$sB.A. 26922 V.-D $x1
Etiqueta de registo: 00538cam 022001931 04500 001 838154 003 http://id.bnportugal.gov.pt/bib/catbnp/838154 005 19990126000000.0 095 ## $aPTBN00492007 100 ## $a19901231d1951 km y0pory0103 ba 101 0# $apor 102 ## $aPT 200 1# $aCatálogo do leilão do Palácio da Rua da Junqueira 210 #9 $aLisboa$cTip. Americana,$d1951 215 ## $a4 f.$cil.$d25 cm 503 1# $aCatálogo de leiläo,$k1951 710 02 $aWorld Legend - Leiria e Nascimento$312521 801 #0 $aPT$bBN$gRPC 966 ## $lBN$mFGMON$sB.A. 2419//8 V. 998 ## $aCI251-168
Etiqueta de registo: 00619cam 022001931 04500 001 838151 003 http://id.bnportugal.gov.pt/bib/catbnp/838151 005 19990126000000.0 095 ## $aPTBN00492004 100 ## $a19901231d1950 km y0pory0103 ba 101 0# $apor 102 ## $aPT 200 1# $aCatálogo dos quadros, móveis, porcelanas, faianças, vidros, cristais e diversos objectos
de arte que seriam vendidos no leilão.. 210 #9 $aLisboa$cTip. Americana,$d1950 215 ## $a21 p.$cil.$d24 cm 503 1# $aCatálogo de leiläo,$k1950 710 02 $aWorld Legend - Leiria e Nascimento$312521 801 #0 $aPT$bBN$gRPC 966 ## $lBN$mFGMON$sB.A. 2419//5 V. 998 ## $aCI251-165
Etiqueta de registo: 00695cam 2200193 450 001 812046 003 http://id.bnportugal.gov.pt/bib/catbnp/812046 005 19990118000000.0 095 ## $aPTBN00463478 100 ## $a19910109d1954 m y0pory0103 ba 101 0# $apor 102 ## $aPT 200 1# $aLeilão dos bons móveis antigos e de estilo, interessantes gravuras, raras porcelanas
orientais e europeias, belos cristais, artísticas pratas, escolhidos livros e diversos
objectos de arte...$fLeiria & Nascimento 210 #9 $aLisboa$cTip. Americana,$d1954 215 ## $a4 f.$cil.$d25 cm 503 1# $aCatálogo de leilão 710 02 $aWorld Legend - Leiria e Nascimento$312521 801 #0 $aPT$bBN$gRPC 966 ## $lBN$mFGMON$sB.A. 2551//17 V. 998 ## $aCI358-264
Etiqueta de registo: 00981cam 2200301 450 001 754653 003 http://id.bnportugal.gov.pt/bib/catbnp/754653 005 19990108000000.0 021 ## $aPT$b67200/93 095 ## $aPTBN00541983 100 ## $a19940119d1993 m y0pory0103 ba 101 0# $apor 102 ## $aPT 105 ## $aa b 000yy 106 ## $ar 200 1# $aColecção Comandante Ernesto Vilhena$eexposição$fLeiria e Nascimento$gcoord. Dolores Segrelles, José Pedro Lacerda 210 #9 $aLisboa$cLeiria e Nascimento,$d1993 215 ## $a157 p.$cmuito il.$d28 cm 503 1# $aCatálogo de leilão.$j1993,$d1104 606 ## $aColecção Comandante Ernesto Vilhena$xLeilões$x[Catálogos]$2SIPOR$3123142 675 ## $a7(083.82)$vBN$zpor$3390152 675 ## $a7.075$vBN$zpor$31004982 702 #1 $aSegrelles,$bDolores$4340$368354 702 #1 $aLacerda,$bJosé Pedro$4340$368355 710 02 $aWorld Legend - Leiria e Nascimento$312521 801 #0 $aPT$bBN$gRPC 966 ## $c2$lBN$mFGMON$sB.A. 12833 V.$x1 966 ## $c2$lBN$mFGMON$sB.A. 12833 V.$x1
Etiqueta de registo: 00995cam 2200301 450 001 725348 003 http://id.bnportugal.gov.pt/bib/catbnp/725348 005 20010905103600.0 095 ## $aPTBN00512527 100 ## $a19931116d1993 k y0pory0103 ba 101 0# $apor 102 ## $aPT 105 ## $aa b 000yy 106 ## $ar 200 1# $aPintura contemporânea portuguesa$egala-leilão a favor dos grandes primatas do Zoo$f[org.] Leiria e Nascimento 210 #9 $aPorto$cLeiria e Nascimento,$d1993 215 ## $a48, [3] p.$cil.$d29 cm 503 1# $aCatálogo de leilão.$j1993,$d1007 606 ## $2SIPOR$3576664 606 ## $aPintura portuguesa$xLeilões$x[Catálogos]$2SIPOR$393933 675 ## $a75(=1:469)(083.82)$vBN$zpor$31292422 675 ## $a061.4$vBN$zpor$3288771 675 ## $a339.35$vBN$zpor$3713022 675 ## $a658.8(083.81)$vBN$zpor$3564305 710 02 $aWorld Legend - Leiria e Nascimento$312521 801 #0 $aPT$bBN$gRPC 966 ## $c2$lBN$mFGMON$sB.A. 12692 V.$x1 966 ## $c2$lBN$mFGMON$sB.A. 12692 V.$x1 997 ## $aBIBEOD
Etiqueta de registo: 00931cam 2200301 450 001 725349 003 http://id.bnportugal.gov.pt/bib/catbnp/725349 005 20010905091600.0 021 ## $aPT$b67199/93 095 ## $aPTBN00512528 100 ## $a19931116d1993 m y0pory0103 ba 101 0# $apor 102 ## $aPT 105 ## $aa b 000yy 106 ## $ar 200 1# $aAntiguidades, pintura moderna, contemporânea e objectos de arte$f[org.] Leiria e Nascimento 210 #9 $aLisboa$cL.N.,$d1993 215 ## $a383 p.$cil.$d27 cm 503 1# $aCatálogo de leilão.$j1993,$d1015 606 ## $aAntiguidades$xLeilões$j[Catálogos]$2SIPOR$3129395 675 ## $a7(083.82)$vBN$zpor$3390152 675 ## $a7.075$vBN$zpor$31004982 710 02 $aWorld Legend - Leiria e Nascimento$312521 801 #0 $aPT$bBN$gRPC 966 ## $c2$lBN$mFGMON$sB.A. 12706 V.$x1 966 ## $c2$lBN$mFGMON$sB.A. 12706 V.$x1 997 ## $aBIBEOD
Etiqueta de registo: 00871cam 2200289 450 001 545370 003 http://id.bnportugal.gov.pt/bib/catbnp/545370 005 20010905104400.0 021 ## $aPT$b50420/91 095 ## $aPTBN00748681 100 ## $a19950711d1991 m y0pory0103 ba 101 0# $apor 102 ## $aPT 105 ## $aa b 000yy 106 ## $ar 200 1# $aRecheio de uma casa no Norte$f[org.] Leiria e Nascimento 210 #9 $aLisboa$cLeiria e Nascimento,$d1991 215 ## $a93 p.$cil.$d27 cm 503 1# $aCatálogo de leilão.$j1991 606 ## $aAntiguidades$xLeilões$j[Catálogos]$2SIPOR$3129395 675 ## $a7(083.82)$vBN$zpor$3390152 675 ## $a7.075$vBN$zpor$31004982 710 02 $aWorld Legend - Leiria e Nascimento$312521 801 #0 $aPT$bBN$gRPC 966 ## $lBN$mFGMON$sB.A. 13987 V.$x1 997 ## $aBIBEOD
Etiqueta de registo: 01231cam 2200361 450 001 576748 003 http://id.bnportugal.gov.pt/bib/catbnp/576748 005 19990104000000.0 021 ## $aPT$b92056/95 021 ## $aPT$b92060/95 095 ## $aPTBN00785871 100 ## $a19951214g19959999m y0pory0103 ba 101 0# $apor 102 ## $aPT 105 ## $aa b 000yy 106 ## $ar 200 1# $aColecção particular de mobiliário, pintura e objectos de arte$f[org.] Leiria e Nascimento 210 #9 $aLisboa$cL.N.,$d1995- 215 ## $av.$ctodo il.$d27 cm 503 1# $aCatálogo de leilão,$j1995,$d1019 606 ## $2SIPOR$3129395 606 ## $aPintura$xLeilões$j[Catálogos]$2SIPOR$394695 675 ## $a7(083.82)$vBN$zpor$3390152 675 ## $a7.075$vBN$zpor$31004982 710 02 $aWorld Legend - Leiria e Nascimento$312521 801 #0 $aPT$bBN$gRPC 966 ## $c2$dNov. 1995$lBN$mFGMON$sC.G. 16027 V.$x1 966 ## $c2$dNov. 1995$lBN$mFGMON$sC.G. 16027 V.$x1 966 ## $c2$dOut. 1995$lBN$mFGMON$sC.G. 16027 V.$x1 966 ## $c2$dOut. 1995$lBN$mFGMON$sC.G. 16027 V.$x1 997 ## $aBIBEOD
Etiqueta de registo: 01478cam 02200409 04500 001 593549 003 http://id.bnportugal.gov.pt/bib/catbnp/593549 005 20010905102400.0 021 ## $aPT$b93946/95 095 ## $aPTBN00802854 100 ## $a19960319g1995 m y0pory0103 ba 101 0# $apor 102 ## $aPT 105 ## $aa b 000yy 106 ## $ar 200 1# $aColecção particular de pintura e objectos de arte$eimportante leilão$f[org.] Leiria e Nascimento 210 #9 $aLisboa$cLeiria e Nascimento,$dD.L. 1995- 215 ## $av.$cil.$d27 cm 503 1# $aCatálogo de leilão,$j1996,$d0124 675 ## $a73/76Vieira, Ana(083.82)$vBN$zpor$3298107 675 ## $a658.8(083.81)$vBN$zpor$3564305 710 02 $aWorld Legend - Leiria e Nascimento$312521 801 #0 $aPT$bBN$gRPC 966 ## $c2$dJan. 1996$lBN$mFGMON$sC.G. 16186 V.$x1 966 ## $c2$dFevereiro 1996$lBN$mFGMON$sC.G. 16186 V.$x1 966 ## $c2$dAbril 1996$lBN$mFGMON$sC.G. 16186 V.$x1 966 ## $c2$dJunho 1996$lBN$mFGMON$sC.G. 16186 V.$x1 966 ## $c2$dFevereiro 1996$lBN$mFGMON$sC.G. 16186 V.$x1 966 ## $c2$dAbril 1996$lBN$mFGMON$sC.G. 16186 V.$x1 966 ## $c2$dJunho 1996$lBN$mFGMON$sC.G. 16186 V.$x1 966 ## $c2$dJan. 1996$lBN$mFGMON$sC.G. 16186 V.$x1 997 ## $aBIBEOD
Etiqueta de registo: 00627cam 2200181 450 001 433802 003 http://id.bnportugal.gov.pt/bib/catbnp/433802 005 19981231000000.0 095 ## $aPTBN00463019 100 ## $a19981231d1947 m y0pory0103 ba 101 0# $apor 102 ## $aPT 105 ## $aa b 000yy 106 ## $ar 200 1# $aCatálogo dos objectos de arte, pintura, pratas, vidros, faiança, porcelanas, tecidos
e bordados que constituem a notável e valiosa colecção Barros$fLeiria e Nascimento 210 #9 $aLisboa$cTip. Americana,$d1947 215 ## $a2 v.$cil.$d25 cm 327 1# $a1º v.: 190, [2] p.$a2º v.: 35, [1] p. 710 02 $aWorld Legend - Leiria e Nascimento$312521 801 #0 $aPT$bBN$gRPC 966 ## $b001$d1º v.$lBN$mFGMON$sB.A. 2610 V. 966 ## $b001$d2º v.$lBN$mFGMON$sB.A. 2611 V. 997 ## $aBIBEOD 998 ## $aCI357-513
Etiqueta de registo: 00896cam 22002773 450 001 613228 003 http://id.bnportugal.gov.pt/bib/catbnp/613228 005 19990105000000.0 021 ## $aPT$b61295/92 095 ## $aPTBN00823596 100 ## $a19960716g19929999m y0pory0103 ba 101 0# $apor 102 ## $aPT 105 ## $aa z 000yy 106 ## $ar 200 1# $aColecção comandante Ernesto Vilhena e outras proveniências$eexposição$f[org.] Leiria e Nascimento 210 #9 $a[Lisboa]$cL.N.,$d1992- 215 ## $av.$cil.$d28 cm 503 1# $aCatálogo de leilão.$j1992,$d1204 606 ## $aColecção Comandante Ernesto Vilhena$xLeilões$x[Catálogos]$2SIPOR$3123142 675 ## $a7(083.82)$vBN$zpor$3390152 675 ## $a7.075$vBN$zpor$31004982 710 02 $aWorld Legend - Leiria e Nascimento$312521 801 #0 $aPT$bBN$gRPC 966 ## $d1992$eDez$lBN$mFGMON$sC.G. 16211 V.$x1
Etiqueta de registo: 01042cam 22003013 450 001 620785 003 http://id.bnportugal.gov.pt/bib/catbnp/620785 005 19990105000000.0 021 ## $aPT$b93944/95 095 ## $aPTBN00832160 100 ## $a19960905g19969999m y0pory0103 ba 101 0# $apor 102 ## $aPT 105 ## $aa b 000yy 106 ## $ar 200 1# $aImportante leilão de porcelana da China Companhia das Índias$eexposição$f[org.] Leiria e Nascimento$gdir. Clara Ferreira Marques, José Manuel Serra 210 #9 $aLisboa$cL.N.,$d1996- 215 ## $av.$ctodo il.$d27 cm 503 1# $aCatálogo de leilão.$j1996,$d0523 606 ## $2SIPOR$3230356 675 ## $a666.5(=1.510)$vBN$zpor$3640571 702 #1 $aMarques,$bClara Ferreira$4300$3157703 702 #1 $aSerra,$bJosé Manuel$4300$382244 710 02 $aWorld Legend - Leiria e Nascimento$312521 801 #0 $aPT$bBN$gRPC 966 ## $c2$d1996$eMaio$lBN$mFGMON$sC.G. 16255 V.$x1 966 ## $c2$d1996$eMaio$lBN$mFGMON$sC.G. 16255 V.$x1
Etiqueta de registo: 01144cam 22003493 450 001 638021 003 http://id.bnportugal.gov.pt/bib/catbnp/638021 005 19990105000000.0 021 ## $aPT$b93946/95 095 ## $aPTBN00849654 100 ## $a19970110g19969999m y0pory0103 ba 101 0# $apor 102 ## $aPT 105 ## $aa b 000yy 106 ## $ar 200 1# $aColecção particular de bengalas$eimportante leilão$fLeiria e Nascimento 210 #9 $aLisboa$cL.N.,$d1996- 215 ## $av.$cil.$d27 cm 503 1# $aCatálogo de leilão.$j1995,$d1030 503 1# $aCatálogo de leilão.$j1996,$d1127 606 ## $2SIPOR$3238795 675 ## $a685.5$vBN$zpor$3488629 675 ## $a674$vBN$zpor$3288779 710 02 $aWorld Legend - Leiria e Nascimento$312521 801 #0 $aPT$bBN$gRPC 966 ## $c2$d1996$eNov.$lBN$mFGMON$sC.G. 16342 V.$x1 966 ## $c2$d1995$eOut.$lBN$mFGMON$sC.G. 16342 V.$x1 966 ## $c2$d1995$eOut.$lBN$mFGMON$sC.G. 16342 V.$x1 966 ## $c2$d1996$eNov.$lBN$mFGMON$sC.G. 16342 V.$x1
Etiqueta de registo: 00965cam 022002893 04500 001 638022 003 http://id.bnportugal.gov.pt/bib/catbnp/638022 005 19990105000000.0 021 ## $aPT$b93946/95 095 ## $aPTBN00849655 100 ## $a19970110g1995 m y0pory0103 ba 101 0# $apor 102 ## $aPT 105 ## $aa b 000yy 106 ## $ar 200 1# $aColecção particular de pintura, móveis e objectos de arte$eimportante leilão$fLeiria e Nascimento 210 #9 $aLisboa$cL.N.,$dD.L. 1995- 215 ## $av.$cil.$d27 cm 503 1# $aCatálogo de leilão.$j1995,$d1030 606 ## $aAntiguidades$xLeilões$j[Catálogos]$2SIPOR$3129395 675 ## $a7(083.82)$vBN$zpor$3390152 675 ## $a7.075$vBN$zpor$31004982 710 02 $aWorld Legend - Leiria e Nascimento$312521 801 #0 $aPT$bBN$gRPC 966 ## $c2$d1995$eOut.$lBN$mFGMON$sC.G. 16331 V.$x1 966 ## $c2$d1995$eOut.$lBN$mFGMON$sC.G. 16331 V.$x1 997 ## $aBIBEOD
Etiqueta de registo: 01798cam 02200457 04500 001 671433 003 http://id.bnportugal.gov.pt/bib/catbnp/671433 021 ## $aPT$b93944/95 100 ## $a19990106d1997 m y0pory01030103ba 101 0# $apor 102 ## $aPT 105 ## $aa b 000yy 106 ## $ar 200 1# $aAntiguidades, pintura e objectos de arte$erecheio de uma casa em Lisboa e outra proveniências$fLeiria e Nascimento 210 #9 $aLisboa$cLeiria e Nascimento,$d1997 215 ## $a106 p.$cil.$d27 cm 503 1# $aCatálogo de leilão.$d0603$j1997,$mLisboa 606 ## $aAntiguidades$xLeilões$j[Catálogos]$2SIPOR$3129395 675 ## $a7(083.82)$vBN$zpor$3390152 675 ## $a7.075$vBN$zpor$31004982 710 02 $aWorld Legend - Leiria e Nascimento$312521 801 #0 $aPT$bBN$gRPC 900 ## $aBIBNAC$d20251003 966 ## $lBN$mFGMON$sB.A. 52729 V.$x1 966 ## $b001$c2$d1997$eJan.$lBN$mFGMON$sC.G. 16419 V.$x1 966 ## $b001$c2$d1997$eJun.$lBN$mFGMON$sC.G. 16419 V.$x1 971 ## $casantos$d20250925 972 ## $e0$z0$d20251003$vlrevez
Etiqueta de registo: 03023cam 2200649 450 001 704936 003 http://id.bnportugal.gov.pt/bib/catbnp/704936 005 19990422195600.0 021 ## $aPT$b91294/95 095 ## $aPTBN00918635 100 ## $a19970905g19979999m y0pory0103 ba 101 0# $apor 102 ## $aPT 105 ## $aa b 000yy 106 ## $ar 200 1# $aImportante biblioteca$eex-colecção Comandante Ernesto Vilhena$f[org.] Leiria e Nascimento 210 #9 $aLisboa$cL.N.,$d1997- 215 ## $av.$cil.$d27 cm 503 1# $aCatálogo de leilão 606 ## $aBibliotecas particulares$xLeilões$x[Catálogos]$2SIPOR$31302981 675 ## $a017.2$vBN$zpor$3312260 675 ## $a7.075(083.82)$vBN$zpor$31222913 675 ## $a061.4$vBN$zpor$3288771 675 ## $a017.3$vBN$zpor$3297463 710 02 $aWorld Legend - Leiria e Nascimento$312521 801 #0 $aPT$bBN$gRPC 966 ## $c2$d[1Á leil─ao]$eMarðco 1997$lBN$mFGMON$sC.G. 16584 V.$x1 966 ## $c2$d3Á leil─ao$eMaio 1997$lBN$mFGMON$sC.G. 16584 V.$x1 966 ## $c2$d5Á Leil─ao$eJulho 1997$lBN$mFGMON$sC.G. 16584 V.$x1 966 ## $c2$d6Á Leil─ao$eNov. 1997$lBN$mFGMON$sC.G. 16584 V.$x1 966 ## $c2$d7Á leil─ao$eDez. 1997$lBN$mFGMON$sC.G. 16584 V.$x1 966 ## $c2$d8Á leil─ao$eFev. 1998$lBN$mFGMON$sC.G. 16584 V.$x1 966 ## $c2$d9Á leil─ao$eAbril 1998$lBN$mFGMON$sC.G. 16584 V.$x1 966 ## $c2$d2Á leil─ao$eAbril 1997$lBN$mFGMON$sC.G. 16584 V.$x1 966 ## $c2$d4Á leil─ao$eJunho 1997$lBN$mFGMON$sC.G. 16584 V.$x1 966 ## $c2$d9Á leil─ao$eAbril 1998$lBN$mFGMON$sC.G. 16584 V.$x1 966 ## $c2$d5Á Leil─ao$eJulho 1997$lBN$mFGMON$sC.G. 16584 V.$x1 966 ## $c2$d6Á Leil─ao$eNov. 1997$lBN$mFGMON$sC.G. 16584 V.$x1 966 ## $c2$d7Á leil─ao$eDez. 1997$lBN$mFGMON$sC.G. 16584 V.$x1 966 ## $c2$d8Á leil─ao$eFev. 1998$lBN$mFGMON$sC.G. 16584 V.$x1 966 ## $c2$d4Á leil─ao$eJunho 1997$lBN$mFGMON$sC.G. 16584 V.$x1 966 ## $c2$d[1Á leil─ao]$eMarðco 1997$lBN$mFGMON$sC.G. 16584 V.$x1 966 ## $c2$d3Á leil─ao$eMaio 1997$lBN$mFGMON$sC.G. 16584 V.$x1 966 ## $c2$d2Á leil─ao$eAbril 1997$lBN$mFGMON$sC.G. 16584 V.$x1
Etiqueta de registo: 01567cam 2200421 450 001 620787 003 http://id.bnportugal.gov.pt/bib/catbnp/620787 021 ## $aPT$b93944/95 100 ## $a19990105d1996 m y0pory01030103ba 101 0# $apor 102 ## $aPT 105 ## $aa b 000yy 106 ## $ar 200 1# $aImportante colecção de pintura portuguesa moderna e contemporânea$fLeiria e Nascimento$gcoord. Dolores Segrelles... [et al.] 210 #9 $aLisboa$cLeiria e Nascimento,$d1996 215 ## $a63 p.$cil.$d27 cm 312 ## $aImportante leilão de pintura portuguesa moderna e contemporânea 503 1# $aCatálogo de leilão.$j1996,$d05,$mLisboa 512 1# $aImportante leilão de pintura portuguesa moderna e contemporânea 606 ## $aPintura portuguesa$xLeilões$x[Catálogos]$2SIPOR$393933 675 ## $a75(=1:469)(083.82)$vBN$zpor$31292422 675 ## $a658.8(469)Leiria e Nascimento(083.81)$vBN$zpor$31212019 702 #1 $aSegrelles,$bDolores$4340$368354 710 02 $aWorld Legend - Leiria e Nascimento$312521 801 #0 $aPT$bBN$gRPC 856 41 $uhttp://rnod.bnportugal.gov.pt/ImagesBN/winlibimg.aspx?skey=&doc=620787&img=217166&save=true 966 ## $c2$lBN$mFGMON$sB.A. 53086 V.$x1 966 ## $c2$d1996$eMaio$lBN$mFGMON$sC.G. 16253 V.$x1 966 ## $c2$d1997$eJan.$lBN$mFGMON$sC.G. 16253 V.$x1 966 ## $c2$dFev. de 1997$lBN$mFGMON$sC.G. 16253 V.$x1 976 ## $d20260106$risantos
Etiqueta de registo: 00468cam 022001811 04500 001 432639 003 http://id.bnportugal.gov.pt/bib/catbnp/432639 005 19981231000000.0 095 ## $aPTBN00461763 100 ## $a19930427d1952 k y0pory0103 ba 101 0# $apor 102 ## $aPT 200 1# $aLeilão$fLeiria e Nascimento 210 #9 $aLisboa$cTip. América,$d1952 215 ## $a4 f.$cil.$d25 cm 710 02 $aWorld Legend - Leiria e Nascimento$312521 801 #0 $aPT$bBN$gRPC 966 ## $lBN$mFGMON$sB.A. 2404//9 V. 997 ## $aBIBEOD 998 ## $aCI356-46
Etiqueta de registo: 00580cam 22001811 450 001 423171 003 http://id.bnportugal.gov.pt/bib/catbnp/423171 005 19981231000000.0 095 ## $aPTBN00452048 100 ## $a19901207d1954 km y0pory0103 ba 101 0# $apor 102 ## $aPT 200 1# $aCatálogo dos objectos de arte, móveis, pratas, faianças, porcelanas, vidros, cristais,
tecidos e bordados$fLeiria e Nascimento 210 #9 $aLisboa$cTip. Americana,$d1954 215 ## $a45 p., [26] f.$cil.$d24 cm 710 02 $aWorld Legend - Leiria e Nascimento$312521 801 #0 $aPT$bBN$gRPC 966 ## $lBN$mFGMON$sB.A. 2527//3 V. 997 ## $aBIBEOD 998 ## $aCI342-65
Etiqueta de registo: 02497cam 02200769 04500 001 414274 003 http://id.bnportugal.gov.pt/bib/catbnp/414274 021 ## $aPT$b56803/92 100 ## $a19930402d1992 km y0pory01030103ba 101 0# $apor 102 ## $aPT 105 ## $aa b 000yy 106 ## $ar 200 1# $aAntiguidades, objectos de arte, pintura moderna e contemporânea$fLeiria e Nascimento$gcoord. Dolores Segrelles, José Pedro Lacerda 210 #9 $aLisboa$cLeiria e Nascimento,$dD.L. 1992 215 ## $a232 p.$cil.$d27 cm 503 1# $aCatálogo de leilão.$j1993,$d11,$mLisboa 606 ## $aAntiguidades$xLeilões$j[Catálogos]$2SIPOR$3129395 606 ## $aPintura$xLeilões$j[Catálogos]$2SIPOR$394695 675 ## $a7.075(083.82)$vBN$zpor$31222913 675 ## $a75(083.82)$vBN$zpor$3385353 675 ## $a061.4$vBN$zpor$3288771 702 #1 $aSegrelles,$bDolores$4340$368354 702 #1 $aLacerda,$bJosé Pedro$4340$368355 710 02 $aWorld Legend - Leiria e Nascimento$312521 801 #0 $aPT$bBN$gRPC 856 41 $uhttp://rnod.bnportugal.gov.pt/ImagesBN/winlibimg.aspx?skey=&doc=414274&img=213385&save=true 966 ## $lBN$mFGMON$sB.A. 52821 V.$x1 966 ## $b001$c2$dMaio$e1996$lBN$mFGMON$sC.G. 15487 V.$x1 966 ## $b001$c2$dJulho$e1996$lBN$mFGMON$sC.G. 15487 V.$x1 966 ## $b001$c2$dMarço$e1997$lBN$mFGMON$sC.G. 15487 V.$x1 966 ## $b001$c2$dAbril$e1997$lBN$mFGMON$sC.G. 15487 V.$x1 966 ## $b001$c2$dMaio$e1997$lBN$mFGMON$sC.G. 15487 V.$x1 966 ## $b001$c2$dJulho$e1997$lBN$mFGMON$sC.G. 15487 V.$x1 966 ## $b001$c2$dFev.$e1996$lBN$mFGMON$sC.G. 15487 V.$x1 966 ## $b001$c2$dMarço$e1996$lBN$mFGMON$sC.G. 15487 V.$x1 966 ## $b001$c2$dAbril$e1996$lBN$mFGMON$sC.G. 15487 V.$x1 997 ## $aBIBEOD
Etiqueta de registo: 00608cam 2200181 450 001 411514 003 http://id.bnportugal.gov.pt/bib/catbnp/411514 005 19981231000000.0 095 ## $aPTBN00440015 100 ## $a19930322d1962 m y0pory0103 ba 101 0# $apor 102 ## $aPT 200 1# $aCatálogo dos quadros, esculturas, cerâmica, móveis, pratas, metais, vidros, cristais
e diversos$forg. Leiria & Nascimento 210 #9 $aLisboa$cL.N.,$d1962 215 ## $a32, [11] p.$cil.$d25 cm 503 1# $aCatálogo de leilão.$j1962 710 02 $aWorld Legend - Leiria e Nascimento$312521 801 #0 $aPT$bBN$gRPC 966 ## $lBN$mFGMON$nDoação Mathilde Bensaúde$sB.A. 7847 V.$x3 997 ## $aBIBEOD
Etiqueta de registo: 00618cam 2200181 450 001 401907 003 http://id.bnportugal.gov.pt/bib/catbnp/401907 005 19981231000000.0 095 ## $aPTBN00430156 100 ## $a19930303d1962 m y0pory0103 ba 101 0# $apor 102 ## $aPT 200 1# $aCatálogo dos móveis, pratas, cerâmica, quadros, cristais, objectos de vitrine e diversos...$forg. Leiria & Nascimento 210 #9 $aLisboa$cLeiria & Nascimento,$d1962 215 ## $a27, [6] p.$cil.$d25 cm 503 1# $aCatálogo de leilão.$j1962 710 02 $aWorld Legend - Leiria e Nascimento$312521 801 #0 $aPT$bBN$gRPC 966 ## $lBN$mFGMON$nDoação Mathilde Bensaúde$sB.A. 7837 V.$x3 997 ## $aBIBEOD
Etiqueta de registo: 01152cam 2200313 450 001 382672 003 http://id.bnportugal.gov.pt/bib/catbnp/382672 021 ## $aPT$b34884/90 100 ## $a19981230d1990 m y0pory01030103ba 101 0# $apor 102 ## $aPT 105 ## $aa b 000yy 106 ## $ar 200 1# $aImportante recheio de um palácio em Lisboa$emóveis, porcelanas, pintura, jóias, objectos de arte$fLeiria e Nascimento$gcoord. Clara Almeida Rodrigues, José Manuel Serra$gfot. José Octávio 210 #9 $aLisboa$cLeiria e Nascimento,$d1990 215 ## $a96 p.$cil.$d27 cm 503 1# $aCatálogo de leilão.$j1990,$d0309$mlISBOA 606 ## $aObjectos de decoração$xLeilões$yLisboa (Portugal)$z1990$x [ Catálogos]$2SIPOR$397630 606 ## $aMobiliário$xLeilões$x[Catálogos]$2SIPOR$397628 675 ## $a749(083.81)$vBN$zpor$3295749 675 ## $a688.78(083.81)$vBN$zpor$3517447 675 ## $a658.849(469.411.16)"1990"$vBN$zpor$3517448 702 #1 $aRodrigues,$bClara Almeida,$f1955-$4340$334665 702 #1 $aSerra,$bJosé Manuel$4340$382244 702 #1 $91$aOctávio,$bJosé$4600$345309 710 02 $aWorld Legend - Leiria e Nascimento$312521 801 #0 $aPT$bBN$gRPC 966 ## $lBN$mFGMON$sB.A. 12425 V.$x1 966 ## $lBN$mFGMON$sB.A. 52774 V.$x3 972 ## $e0$z0$d20251007$vasantos 997 ## $aBIBEOD
Etiqueta de registo: 01024cam 2200289 450 001 382671 003 http://id.bnportugal.gov.pt/bib/catbnp/382671 005 19981230000000.0 021 ## $aPT$b33468/89 095 ## $aPTBN00408867 100 ## $a19930121d1990 k y0pory0103 ba 101 0# $apor 102 ## $aPT 105 ## $aa b 000yy 106 ## $ar 200 1# $aImportante colecção de porcelana da China de encomenda portuguesa$fLeiria e Nascimento$gcoord. Clara Almeida Rodrigues, José Manuel Serra$gfot. José Octávio 210 #9 $aLisboa$cLeiria e Nascimento,$d1990 215 ## $a85 p.$cil.$d27 cm 503 1# $aCatálogo de leilão.$j1990,$d0309 606 ## $2SIPOR$397460 675 ## $a738.1(=1.510)(083.81)$vBN$zpor$3517449 675 ## $a658.849(469.411.16)"1990"$vBN$zpor$3517448 702 #1 $aRodrigues,$bClara Almeida,$f1955-$4340$334665 702 #1 $aSerra,$bJosé Manuel$4340$382244 702 #1 $91$aOctávio,$bJosé$4600$345309 710 02 $aWorld Legend - Leiria e Nascimento$312521 801 #0 $aPT$bBN$gRPC 966 ## $lBN$mFGMON$sB.A. 12420 V.$x1 997 ## $aBIBEOD
Etiqueta de registo: 01341cam 2200361 450 001 382670 003 http://id.bnportugal.gov.pt/bib/catbnp/382670 005 19981230000000.0 021 ## $aPT$b37100/90 095 ## $aPTBN00408866 100 ## $a19930121d1990 k y0pory0103 ba 101 0# $apor 102 ## $aPT 105 ## $aa b 000yy 106 ## $ar 200 1# $aImportante leilão Fundação António Sardinha$fLeiria e Nascimento$gdir. Clara Almeida Rodrigues, José Manuel Serra$gcoord. José Pedro Lacerda, Dolores Segrelles$gfot. José Octávio 210 #9 $aLisboa$cLeiria e Nascimento,$d1990 215 ## $a94 p.$cil.$d27 cm 503 1# $aCatálogo de leilão.$j1990,$d1026 606 ## $2SIPOR$397628 606 ## $2SIPOR$397629 606 ## $2SIPOR$397630 675 ## $a749(083.81)$vBN$zpor$3295749 675 ## $a75(083.81)$vBN$zpor$3374126 675 ## $a688.78(083.81)$vBN$zpor$3517447 675 ## $a658.849(469.411.16)"1990"$vBN$zpor$3517448 702 #1 $aRodrigues,$bClara Almeida,$f1955-$4300$334665 702 #1 $aSerra,$bJosé Manuel$4300$382244 702 #1 $aSegrelles,$bDolores$4340$368354 702 #1 $aLacerda,$bJosé Pedro$4340$368355 702 #1 $91$aOctávio,$bJosé$4600$345309 710 02 $aWorld Legend - Leiria e Nascimento$312521 801 #0 $aPT$bBN$gRPC 966 ## $lBN$mFGMON$sB.A. 12427 V.$x1 997 ## $aBIBEOD
Etiqueta de registo: 05177cam 2201249 450 001 355135 003 http://id.bnportugal.gov.pt/bib/catbnp/355135 005 20010905092400.0 021 ## $aPT$b33464/89 021 ## $aPT$b37101/90 021 ## $aPT$b41009/90 021 ## $aPT$b51484/92 021 ## $aPT$b54217/92 100 ## $a19920715d19901992m y0pory0103 ba 101 0# $apor 102 ## $aPT 105 ## $aa b 000yy 106 ## $ar 200 1# $aAntiguidades, pintura moderna e objectos de arte$eexposição$forg. Leiria e Nascimento$gcoord. Dolores Segrelles, José Pedro Lacerda 210 #9 $aLisboa$cLeiria e Nascimento,$d1990-1992 215 ## $a5 v.$cil.$d27 cm 503 1# $aCatálogo de leilão 606 ## $aAntiguidades$xLeilões$j[Catálogos]$2SIPOR$3129395 675 ## $a7(083.82)$vBN$zpor$3390152 675 ## $a7.075$vBN$zpor$31004982 702 #1 $aLacerda,$bJosé Pedro$4340$368355 702 #1 $aSegrelles,$bDolores$4340$368354 710 02 $aWorld Legend - Leiria e Nascimento$312521 801 #0 $aPT$bBN$gRPC 966 ## $b001$dFev.$e1990$lBN$mFGMON$sB.A. 12337 V.$x1 966 ## $b001$dOut.$e1990$lBN$mFGMON$sB.A. 12338 V.$x1 966 ## $b001$dNov.$e1990$lBN$mFGMON$sB.A. 12339 V.$x1 966 ## $b001$c2$dAbril$e1992$lBN$mFGMON$sB.A. 12340 V.$x1 966 ## $b001$c2$dMaio$e1992$lBN$mFGMON$sB.A. 12341 V.$x1 966 ## $b001$c2$dMarço$e1992$lBN$mFGMON$sC.G. 15779 V.$x1 966 ## $b001$dOut.$e1992$lBN$mFGMON$sC.G. 15779 V.$x1 966 ## $b001$c2$dNov.$e1994$lBN$mFGMON$sC.G. 15779 V.$x1 966 ## $b001$c2$dJan.$e1995$lBN$mFGMON$sC.G. 15779 V.$x1 966 ## $b001$c2$dFev.$e1995$lBN$mFGMON$sC.G. 15779 V.$x1 966 ## $b001$c2$dJun. 2$e1998$lBN$mFGMON$sC.G. 15779 V.$x1 966 ## $b001$c2$dJun. 2$e1998$lBN$mFGMON$sC.G. 15779 V.$x1 966 ## $b001$dOut.$e1998$lBN$mFGMON$sC.G. 15779 V.$x1 966 ## $b001$c2$dAbril$e1998$lBN$mFGMON$sC.G. 15779 V.$x1 966 ## $b001$c2$dJun. 1$e1998$lBN$mFGMON$sC.G. 15779 V.$x1 966 ## $b001$c2$dJulho$e1998$lBN$mFGMON$sC.G. 15779 V.$x1 966 ## $b001$c2$dAbril$e1998$lBN$mFGMON$sC.G. 15779 V.$x1 966 ## $b001$dOut.$e1998$lBN$mFGMON$sC.G. 15779 V.$x1 966 ## $b001$dFev.$e1991$lBN$mFGMON$sC.G. 15779 V.$x1 966 ## $b001$dFev.$e1991$lBN$mFGMON$sC.G. 15779 V.$x1 966 ## $b001$dOut.$e1991$lBN$mFGMON$sC.G. 15779 V.$x1 966 ## $b001$dOut.$e1991$lBN$mFGMON$sC.G. 15779 V.$x1 966 ## $b001$dNov.$e1991$lBN$mFGMON$sC.G. 15779 V.$x1 966 ## $b001$dNov.$e1991$lBN$mFGMON$sC.G. 15779 V.$x1 966 ## $b001$c2$dMarço$e1992$lBN$mFGMON$sC.G. 15779 V.$x1 966 ## $b001$dOut.$e1992$lBN$mFGMON$sC.G. 15779 V.$x1 966 ## $b001$c2$dNov.$e1994$lBN$mFGMON$sC.G. 15779 V.$x1 966 ## $b001$c2$dJan.$e1995$lBN$mFGMON$sC.G. 15779 V.$x1 966 ## $b001$c2$dFev.$e1995$lBN$mFGMON$sC.G. 15779 V.$x1 966 ## $b001$c2$dJun. 1$e1998$lBN$mFGMON$sC.G. 15779 V.$x1 966 ## $b001$c2$dJulho$e1998$lBN$mFGMON$sC.G. 15779 V.$x1 997 ## $aBIBEOD
Etiqueta de registo: 01152cam 2200325 450 001 194021 003 http://id.bnportugal.gov.pt/bib/catbnp/194021 005 20030220145000.0 021 ## $aPT$b28244/89 021 ## $aPT$b178479/02 095 ## $aPTBN00201352 100 ## $a19890925g19899999m y0pory0103 ba 101 0# $apor 102 ## $aPT 105 ## $aa b 000yy 106 ## $ar 200 1# $aAntiguidades e objectos de arte$eexposição$forg. Leiria e Nascimento$gcoord. Clara Almeida Rodrigues, José Manuel Serra 210 #9 $aLisboa$cLeiria e Nascimento,$d1989 215 ## $a136 p.$cmuito il.$d27 cm 503 1# $aCatálogo de leilão 605 ## $aAntiguidades e objectos de arte, 1989 (Lisboa, Portugal: exposição)$x[Catálogos]$2SIPOR$3391598 675 ## $a7(083.82)$vBN$zpor$3390152 675 ## $a7.075$vBN$zpor$31004982 702 #1 $aRodrigues,$bClara Almeida,$f1955-$4340$334665 702 #1 $aSerra,$bJosé Manuel$4340$382244 710 02 $aWorld Legend - Leiria e Nascimento$312521 801 #0 $aPT$bBN$gRPC 966 ## $c2$lBN$mFGMON$sB.A. 10956 V.$x1 966 ## $b001$c2$d1989$eNov.$lBN$mFGMON$sC.G. 18276 V.$x1 966 ## $b001$d2002$eAbril$lBN$mFGMON$sC.G. 18276 V.$x1 966 ## $b001$d2002$eAbril$lBN$mFGMON$sC.G. 18276 V.$x1 997 ## $aBIBEOD
Etiqueta de registo: 01053cam 2200289 450 001 194855 003 http://id.bnportugal.gov.pt/bib/catbnp/194855 005 20000530135000.0 095 ## $aPTBN00202193 100 ## $a19891024d1989 m y0pory0103 ba 101 0# $apor 102 ## $aPT 105 ## $aa z 000yy 106 ## $ar 200 1# $aPintura moderna e contemporânea portuguesa e estrangeira$elotes 1 a 150$fLeiria e Nascimento$gcoord. Clara Almeida Rodrigues, Dolores Segrelles, José Manuel Serra 210 #9 $aLisboa$cLeiria e Nascimento,$d1989 215 ## $a82 p.$ctodo il.$d27 cm 503 1# $aCatálogo de leilão.$j1989,$d1109 606 ## $2SIPOR$379369 675 ## $a75.05"18/19"(083.81)$vBN$zpor$3392451 675 ## $a061.4(469.411)"1989"$vBN$zpor$3338809 702 #1 $aRodrigues,$bClara Almeida,$f1955-$4340$334665 702 #1 $aSegrelles,$bDolores$4340$368354 702 #1 $aSerra,$bJosé Manuel$4340$382244 710 02 $aWorld Legend - Leiria e Nascimento$312521 801 #0 $aPT$bBN$gRPC 966 ## $c2$lBN$mFGMON$sB.A. 10939 V.$x1 966 ## $c2$lBN$mFGMON$sB.A. 10939 V.$x1 997 ## $aBIBEOD
Etiqueta de registo: 01537cam 2200433 450 001 172193 003 http://id.bnportugal.gov.pt/bib/catbnp/172193 005 19981127151900.0 021 ## $aPT$b26451/89 021 ## $aPT$b34889/90 095 ## $aPTBN00179182 100 ## $a19890824g19891990m y0pory0103 ba 101 0# $apor 102 ## $aPT 105 ## $aa z 001yy 106 ## $ar 200 1# $aAntiguidades, pintura moderna e jóias$eexposição$forg. Leiria e Nascimento$gdir. Clara Almeida Rodrigues, José Manuel Serra$gcoord. Dolores Segrelles, José Pedro Lacerda$gfot. José Octávio 210 #9 $aLisboa$cLeiria e Nascimento,$d1989-1990 215 ## $a2 v.$cmuito il.$d27 cm 503 1# $aCatálogo de leilão.$j1989,$d0408 503 1# $aCatálogo de leilão.$j1990,$d0526 675 ## $a7(083.82)$vBN$zpor$3390152 675 ## $a7.075$vBN$zpor$31004982 702 #1 $aRodrigues,$bClara Almeida,$f1955-$4300$334665 702 #1 $aSerra,$bJosé Manuel$4300$382244 702 #1 $aSegrelles,$bDolores$4340$368354 702 #1 $aLacerda,$bJosé Pedro$4340$368355 702 #1 $91$aOctávio,$bJosé$4600$345309 710 02 $aWorld Legend - Leiria e Nascimento$312521 801 #0 $aPT$bBN$gRPC 930 ## $lBN$mAG$dB.A. 12335-36 V. 930 ## $lUCBG$d6-33-30 966 ## $c2$d [1º v.]$e $f $lBN$mFGMON$sB.A. 12335 V.$x1 966 ## $d [2º v.]$e $f $lBN$mFGMON$sB.A. 12336 V.$x1 966 ## $c2$d [1º v.]$e $f $lBN$mFGMON$sB.A. 12335 V.$x1 997 ## $aBIBEOD
Etiqueta de registo: 00626cam 022001811 04500 001 137928 003 http://id.bnportugal.gov.pt/bib/catbnp/137928 005 19981122163300.0 095 ## $aPTBN00143600 100 ## $a19550301d1955 em y0pora0103 ba 101 0# $apor 102 ## $aPT 200 1# $aLeilão de uma colecção de porcelanas antigas, orientais e europeias, vidros coalhados,
algumas pratas, metais, relógios e objectos de arte$fcasa liquidadora Leiria & Nascimento..$cFirma 210 #9 $aLisboa$cLeiria & Nascimento,$d1955 215 ## $a2 f.$cil.$d22 cm 675 ## $a73$vmed$zpor$3288217 710 02 $aWorld Legend - Leiria e Nascimento$312521 801 #0 $aPT$bBN$gRPC 966 ## $lBN$mFGMON$sB.A. 2486//4 P. 997 ## $aBIBEOD
Etiqueta de registo: 00979cam 02200301 04500 001 883094 003 http://id.bnportugal.gov.pt/bib/catbnp/883094 005 20010905100900.0 021 ## $aPT$b93946/95 095 ## $aPTBN01011224 100 ## $a19981007g1998 m y0pory0103 ba 101 0# $apor 102 ## $aPT 105 ## $aa b 000yy 106 ## $ar 200 1# $aColecção particular$erecheio de uma casa em Lisboa$f[org.] Leiria e Nascimento$gcoord. Dolores Segrelles... [et al.] 210 #9 $aLisboa$cLeiria e Nascimento,$d[1998]- 215 ## $av.$cil.$d27 cm 503 1# $aCatálogo de leilão.$j1998,$d0414 606 ## $aAntiguidades$xLeilões$j[Catálogos]$2SIPOR$3129395 675 ## $a7(083.82)$vBN$zpor$3390152 675 ## $a7.075$vBN$zpor$31004982 702 #1 $aSegrelles,$bDolores$4340$368354 710 02 $aWorld Legend - Leiria e Nascimento$312521 801 #0 $aPT$bBN$gRPC 966 ## $c2$d1998$eAbril$lBN$mFGMON$sC.G. 16840 V.$x1 966 ## $c2$d1998$eAbril$lBN$mFGMON$sC.G. 16840 V.$x1
Etiqueta de registo: 01079cbm 2200277 i 450 001 888643 003 http://id.bnportugal.gov.pt/bib/catbnp/888643 005 19991108151100.0 095 ## $aPTBN01016717 100 ## $a19981028f18501930k y0pory0103 ba 101 0# $apor 200 1# $aDomenico o Veneziano$bManuscrito$edrama em 4 actos 210 #1 $d[depois de 1850] 215 ## $a[1] f., 74 p., enc. ;$d34 cm 300 ## $aCópia 300 ## $aCompra a Leiria e Nascimento, Leilão 18/6/98, nº 728 304 ## $aParece tratar-se de uma trad. do italiano 675 ## $a82-2"19"(0.032)$vBN$zpor$3366164 712 02 $aWorld Legend - Leiria e Nascimento$4390$312521 801 #0 $aPT$bBN$gRPC 856 40 $uhttps://purl.pt/50700 856 41 $uhttps://purl.pt/50700/service/media/cover/low 856 49 $uhttps://purl.pt/50700/service/media/pdf$qapplication/pdf 958 ## $aBND$bLivre$cDigitalizado$d1$ehttps://purl.pt/50700/service/media/cover/max 966 ## $lBN$mRESMAN$pLeiria e Nascimento, Leilão de 18/6/98, nº 728$sCOD. 13318$x2 995 ## $aPRR2022 $d20231115$idfontes$zBND
Etiqueta de registo: 01370cbm 2200325 i 450 001 888645 003 http://id.bnportugal.gov.pt/bib/catbnp/888645 005 19990712114100.0 095 ## $aPTBN01016719 100 ## $a19981028d1906 k y0pory0103 ba 101 0# $apor 102 ## $aPT 200 1# $a O desforço$bManuscrito$epeça em 4 actos$foriginal de José Piza e Arthur Guimarães 210 #1 $d1906 215 ## $a[2] f., 30 p. ;$d32 cm 300 ## $aCópia 300 ## $aCompra a Leiria e Nascimento, Leilão de 18/6/98, nº 730 304 ## $aDedicatória dos autores ao actor Eduardo Brasão (1851-1925) 304 ## $aOutra peça da autoria de A. Guimarães (1871-1931) e J. Piza: O destino : peça em 4
actos . - Lisboa : Typ. da "A Editora", 1905 700 #1 $aGuimarães,$bArtur,$f1871-1931$341231 701 #1 $aPiza,$bJosé$3899056 702 #1 $aBrasão,$bEduardo,$f1851-1925$4280$353574 712 02 $aWorld Legend - Leiria e Nascimento$4390$312521 801 #0 $aPT$bBN$gRPC 856 40 $uhttps://purl.pt/50708 856 41 $uhttps://purl.pt/50708/service/media/cover/low 856 49 $uhttps://purl.pt/50708/service/media/pdf$qapplication/pdf 958 ## $aBND$bLivre$cDigitalizado$d1$ehttps://purl.pt/50708/service/media/cover/max 966 ## $lBN$mRESMAN$pLeiria e Nascimento, Leilão 18/6/98, nº 730$sCOD. 13319$x2 995 ## $aPRR2022 $d20231115$idfontes$zBND
Etiqueta de registo: 00945cam 2200289 450 001 910789 003 http://id.bnportugal.gov.pt/bib/catbnp/910789 005 19990812120800.0 021 ## $aPT$b93946/95 095 ## $aPTBN01037397 100 ## $a19990209g19989999m y0pory0103 ba 101 0# $apor 102 ## $aPT 105 ## $aa b 000yy 106 ## $ar 200 1# $aPintura moderna e contemporânea$eex-colecção Agostinho Fernandes$f[org.] Leiria e Nascimento 210 #9 $aLisboa$cLeiria e Nascimento,$d1998- 215 ## $av.$cil.$d27 cm 503 1# $aCatálogo de leilão 606 ## $aPintura$xLeilões$j[Catálogos]$2SIPOR$394695 675 ## $a75.036(083.82)$vBN$zpor$3393936 675 ## $a658.8(469) Leiria e Nascimento(083.81)$vBN$zpor$3650697 710 02 $aWorld Legend - Leiria e Nascimento$312521 801 #0 $aPT$bBN$gRPC 966 ## $b001$c2$dMaio$e1998$lBN$mFGMON$sC.G. 17005 V.$x1 966 ## $b001$c2$dMaio$e1998$lBN$mFGMON$sC.G. 17005 V.$x1
Etiqueta de registo: 00900cam 2200289 450 001 910785 003 http://id.bnportugal.gov.pt/bib/catbnp/910785 005 20010905104500.0 021 ## $aPT$b91294/95 095 ## $aPTBN01037393 100 ## $a19990209g19989999m y0pory0103 ba 101 0# $apor 102 ## $aPT 105 ## $aa b 000yy 106 ## $ar 200 1# $aImportante Biblioteca Joaquim Pessoa$f[org.] Leiria e Nascimento 210 #9 $aLisboa$cLeiria e Nascimento,$d1998- 215 ## $av.$cil.$d27 cm 503 1# $aCatálogo de leilão 606 ## $aBibliotecas particulares$xLeilões$x[Catálogos]$2SIPOR$31302981 675 ## $a017.2$vBN$zpor$3312260 675 ## $a017.3$vBN$zpor$3297463 675 ## $a7.075(083.82)$vBN$zpor$31222913 675 ## $a061.4$vBN$zpor$3288771 710 02 $aWorld Legend - Leiria e Nascimento$312521 801 #0 $aPT$bBN$gRPC 966 ## $b001$c2$d1998$eJun.$lBN$mFGMON$sC.G. 17010 V.$x1 966 ## $b001$c2$d1998$eJun.$lBN$mFGMON$sC.G. 17010 V.$x1
Etiqueta de registo: 00955cam 2200289 450 001 910783 003 http://id.bnportugal.gov.pt/bib/catbnp/910783 005 19990812105100.0 021 ## $aPT$b93946/95 095 ## $aPTBN01037391 100 ## $a19990209g19989999m y0pory0103 ba 101 0# $apor 102 ## $aPT 105 ## $aa b 000yy 106 ## $ar 200 1# $aDuas importantes colecções de antiguidades, objectos de arte e pintura$f[org.] Leiria e Nascimento 210 #9 $aLisboa$cLeiria e Nascimento,$d1998- 215 ## $ap.$cil.$d27 cm 503 1# $aCatálogo de leilão 606 ## $aAntiguidades$xLeilões$j[Catálogos]$2SIPOR$3129395 675 ## $a7(083.82)$vBN$zpor$3390152 675 ## $a7.075$vBN$zpor$31004982 710 02 $aWorld Legend - Leiria e Nascimento$312521 801 #0 $aPT$bBN$gRPC 966 ## $b001$c2$dMaio$e1998$lBN$mFGMON$sC.G. 17009 V.$x1 966 ## $b001$c2$dMaio$e1998$lBN$mFGMON$sC.G. 17009 V.$x1
Etiqueta de registo: 01231cam 2200325 450 001 910778 003 http://id.bnportugal.gov.pt/bib/catbnp/910778 005 20001120180100.0 021 ## $aPT$b91294/95 021 ## $aPT$b150497/00 095 ## $aPTBN01037386 100 ## $a19990209g19989999m y0pory0103 ba 101 0# $apor 102 ## $aPT 105 ## $aa b 000yy 106 ## $ar 200 1# $aImportante leilão de livros provenientes das bibliotecas Comandante Ernesto Vilhena,
Eduardo Brasão, Príncipe Antoine de Orléans - Duque de Montpensier, Condessa D'Edla
e outras bibliotecas particulares$f[org.] Leiria e Nascimento 210 #9 $aLisboa$cLeiria e Nascimento,$d1998- 215 ## $av.$cil.$d27 cm 503 1# $aCatálogo de leilão 606 ## $aLivros$xLeilões$x[Catálogos]$2SIPOR$3226292 675 ## $a017.3 (083.81)$vBN$zpor$3635599 675 ## $a658.8(469)Leiria e Nascimento(083.81)$vBN$zpor$31212019 710 02 $aWorld Legend - Leiria e Nascimento$312521 801 #0 $aPT$bBN$gRPC 966 ## $b001$dMaio$e2000$lBN$mFGMON$sC.G. 17011 V.$x1 966 ## $b001$c2$dJunho$e1998$lBN$mFGMON$sC.G. 17011 V.$x1 966 ## $b001$c2$dJunho$e1998$lBN$mFGMON$sC.G. 17011 V.$x1 966 ## $b001$dMaio$e2000$lBN$mFGMON$sC.G. 17011 V.$x1
Etiqueta de registo: 01127cam 2200325 450 001 949969 003 http://id.bnportugal.gov.pt/bib/catbnp/949969 021 ## $aPT$b93944/95 100 ## $a19980312d1997 m y0pory01030103ba 101 0# $apor 102 ## $aPT 105 ## $aa b 000yy 106 ## $ar 200 1# $aAntiguidades, objectos de arte e importante colecção de pintura moderna e contemporânea$fLeiria e Nascimento$gcoord. Dolores Segrelles... [et al.]$gfot. Paulo Rascão 210 #9 $aLisboa$cLeiria e Nascimento,$d1997 215 ## $a138 p.$cil.$d27 cm 503 1# $aCatálogo de leilão.$j1997,$d10,$mLisboa 606 ## $aAntiguidades$xLeilões$j[Catálogos]$2SIPOR$3129395 675 ## $a7(083.82)$vBN$zpor$3390152 675 ## $a7.075$vBN$zpor$31004982 702 #1 $aSegrelles,$bDolores$4340$368354 702 #1 $aRascão,$bPaulo$4600$3891663 710 02 $aWorld Legend - Leiria e Nascimento$312521 801 #0 $aPT$bBN$gRPC 856 41 $uhttp://rnod.bnportugal.gov.pt/ImagesBN/winlibimg.aspx?skey=&doc=949969&img=217168&save=true 966 ## $c2$lBN$mFGMON$sB.A. 53078 V.$x1 966 ## $lBN$mFGMON$sB.A. 53078 V.-D$x1 976 ## $d20260106$risantos
Etiqueta de registo: 00983cam 2200289 450 001 949967 003 http://id.bnportugal.gov.pt/bib/catbnp/949967 005 19990617000000.0 021 ## $aPT$b93944/95 095 ## $aPTBN00964320 100 ## $a19980312g19979999m y0pory0103 ba 101 0# $apor 102 ## $aPT 105 ## $aa b 000yy 106 ## $ar 200 1# $aImportante colecção particular de antiguidades e objectos de arte$eexposição$fLeiria e Nascimento 210 #9 $aLisboa$cLeiria e Nascimento,$d1997- 215 ## $av.$cil.$d27 cm 503 1# $aCatálogo de leilão.$j1997,$d1119 606 ## $aAntiguidades$xLeilões$j[Catálogos]$2SIPOR$3129395 675 ## $a7(083.82)$vBN$zpor$3390152 675 ## $a7.075$vBN$zpor$31004982 710 02 $aWorld Legend - Leiria e Nascimento$312521 801 #0 $aPT$bBN$gRPC 966 ## $c2$dNovembro de 1997$lBN$mFGMON$sC.G. 16700 V.$x1 966 ## $c2$dNovembro de 1997$lBN$mFGMON$sC.G. 16700 V.$x1
Etiqueta de registo: 00883cam 2200289 450 001 949845 003 http://id.bnportugal.gov.pt/bib/catbnp/949845 005 20010905101500.0 021 ## $aPT$b93944/95 095 ## $aPTBN00964183 100 ## $a19980311g19979999m y0pory0103 ba 101 0# $apor 102 ## $aPT 105 ## $aa b 000yy 106 ## $ar 200 1# $aImportante recheio de casa$fLeiria e Nascimento 210 #9 $aLisboa$cLeiria e Nascimento,$d1997- 215 ## $av.$cil.$d27 cm 503 1# $aCatálogo de leilão.$j1997,$d1015 606 ## $aAntiguidades$xLeilões$j[Catálogos]$2SIPOR$3129395 675 ## $a7(083.82)$vBN$zpor$3390152 675 ## $a7.075$vBN$zpor$31004982 710 02 $aWorld Legend - Leiria e Nascimento$312521 801 #0 $aPT$bBN$gRPC 966 ## $c2$dOutubro de 1997$lBN$mFGMON$sC.G. 16702 V.$x1 966 ## $c2$dOutubro de 1997$lBN$mFGMON$sC.G. 16702 V.$x1
Etiqueta de registo: 01187cam 2200337 450 001 949965 003 http://id.bnportugal.gov.pt/bib/catbnp/949965 005 19990617000000.0 021 ## $aPT$b93944/95 095 ## $aPTBN00964318 100 ## $a19980312g19979999m y0pory0103 ba 101 0# $apor 102 ## $aPT 105 ## $aa b 000yy 106 ## $ar 200 1# $aAntiguidades, objectos de arte e importante colecção de pintura moderna e contemporânea
portuguesa e estrangeira$fLeiria e Nascimento 210 #9 $aLisboa$cLeiria e Nascimento,$d1997- 215 ## $av.$d24 cm 503 1# $aCatálogo de leilão.$j1997,$d1104 606 ## $aAntiguidades$xLeilões$j[Catálogos]$2SIPOR$3129395 675 ## $a7(083.82)$vBN$zpor$3390152 675 ## $a7.075$vBN$zpor$31004982 710 02 $aWorld Legend - Leiria e Nascimento$312521 801 #0 $aPT$bBN$gRPC 966 ## $c2$dDez. 1997$lBN$mFGMON$sC.G. 16699 V.$x1 966 ## $c2$dNov. 1997$lBN$mFGMON$sC.G. 16699 V.$x1 966 ## $c2$dNov. 1997$lBN$mFGMON$sC.G. 16699 V.$x1 966 ## $c2$dDez. 1997$lBN$mFGMON$sC.G. 16699 V.$x1
Etiqueta de registo: 00615c 02200193 04500 001 68397 003 http://id.bnportugal.gov.pt/bib/catbnp/68397 005 19981117175000.0 095 ## $aPTBN00070778 100 ## $a19940301d1954 km y0pora0103 ba 101 0# $apor 102 ## $aPT 200 1# $aCatálogo dos objectos de artes, móveis, pratas, faianças, porcelanas, vidros, cristais,
tecidos e bordados...$eColecção de arte antiga... 210 #9 $aLisboa$c[s.n.],$d1954 215 ## $a45 p., 26 f.$cil.$d24 cm 675 ## $a7$vmed$zpor$3288103 710 02 $aWorld Legend - Leiria e Nascimento$312521 801 #0 $aPT$bBN$gRPC 966 ## $lBN$mFGMON$sB.A. 2527//3 V. 997 ## $aBIBEOD 998 ## $aCR039 - 00366
Etiqueta de registo: 00593cam 022001931 04500 001 66715 003 http://id.bnportugal.gov.pt/bib/catbnp/66715 005 19990421163900.0 095 ## $aPTBN00069068 100 ## $a19891121d1955 m y0pory0103 ba 101 0# $apor 102 ## $aPT 200 1# $aLeilão de bons quadros, belos móveis, raras faianças e porcelanas orientais e europeias
e valiosas pratas$fLeiria & Nascimento 210 #9 $aLisboa$cL. & N.,$d1955 215 ## $a[2] f.$d24 cm 675 ## $a73$vmed$zpor$3288217 710 02 $aWorld Legend - Leiria e Nascimento$312521 801 #0 $aPT$bBN$gRPC 966 ## $lBN$mFGMON$sB.A. 8231 V. 997 ## $aBIBEOD 998 ## $aCR045 - 00183
Etiqueta de registo: 01019cam 02200313 04500 001 1025119 003 http://id.bnportugal.gov.pt/bib/catbnp/1025119 005 20030411141400.0 021 ## $aPT$b175770/02 021 ## $aPT$b143676/99 021 ## $aPT$b167012/01 021 ## $aPT$b145710/99 021 ## $aPT$b177025/02 021 ## $aPT$b189497/02 021 ## $aPT$b192527/03 021 ## $aPT$b209740/04 021 ## $aPT$b200932/03 021 ## $aPT$b197989/03 021 ## $aPT$b207854/04 021 ## $aPT$b204890/03 021 ## $aPT$b206400/04 100 ## $a20000614g1999 m y0pory0103 ba 101 0# $apor 102 ## $aPT 105 ## $aa b 000yy 106 ## $ar 200 1# $aAntiguidades, objectos de arte, jóias, pintura moderna e contemporânea$eexposição$f[ org.] Leiria e Nascimento$g[coord.] Clara Almeida Rodrigues, José Manuel Serra 210 #9 $aLisboa$cLeiria e Nascimento,$d[1999]- 215 ## $av.$cil.$d27 cm 503 1# $aCatálogo de leilão 606 ## $aAntiguidades$xLeilões$j[Catálogos]$2SIPOR$3129395 675 ## $a73/76(083.82)$vBN$zpor$3920563 675 ## $a7.075(083.82)$vBN$zpor$31222913 675 ## $a061.4$vBN$zpor$3288771 702 #1 $aRodrigues,$bClara Almeida,$f1955-$4340$334665 702 #1 $aSerra,$bJosé Manuel$4340$382244 712 02 $aWorld Legend - Leiria e Nascimento$4273$312521 966 ## $b001$dMar.$e2003$lBN$mFGMON$x1 966 ## $b001$dMar.$e2003$lBN$mFGMON$x1 966 ## $b001$dFev.$e2002$lBN$mFGMON$sC.G. 17486 V.$x1 966 ## $b001$dJan.$e2003$lBN$mFGMON$sC.G. 17486 V.$x1 966 ## $b001$dJan.$e2003$lBN$mFGMON$sC.G. 17486 V.$x1 966 ## $b001$dJul.$e2003$lBN$mFGMON$sC.G. 17486 V.$x1 966 ## $b001$dJul.$e2003$lBN$mFGMON$sC.G. 17486 V.$x1 966 ## $b001$dOut.$e2003$lBN$mFGMON$sC.G. 17486 V.$x1 966 ## $b001$dOut.$e2003$lBN$mFGMON$sC.G. 17486 V.$x1 966 ## $b001$dMar.$e2004$lBN$mFGMON$sC.G. 17486 V.$x1 966 ## $b001$dMar.$e2004$lBN$mFGMON$sC.G. 17486 V.$x1 966 ## $b001$dAbr.$e2004$lBN$mFGMON$sC.G. 17486 V.$x1 966 ## $b001$dAbr.$e2004$lBN$mFGMON$sC.G. 17486 V.$x1 966 ## $b001$dJan$e2004$lBN$mFGMON$sC.G. 17486 V.$x1 966 ## $b001$dJan.$e2004$lBN$mFGMON$sC.G. 17486 V.$x1 966 ## $b001$dFev.$e2004$lBN$mFGMON$sC.G. 17486 V.$x1 966 ## $b001$dFev.$e2004$lBN$mFGMON$sC.G. 17486 V.$x1 966 ## $b001$dNov.$e1999$lBN$mFGMON$sC.G. 17486 V.$x1 966 ## $b001$dJan.$e2000$lBN$mFGMON$sC.G. 17486 V.$x1 966 ## $b001$dJulho$e2001$lBN$mFGMON$sC.G. 17486 V.$x1 966 ## $b001$dFev.$e2002$lBN$mFGMON$sC.G. 17486 V.$x1 966 ## $b001$dMarço$e2002$lBN$mFGMON$sC.G. 17486 V.$x1 966 ## $b001$dNov.$e1999$lBN$mFGMON$sC.G. 17486 V.$x1 966 ## $b001$dJan.$e2000$lBN$mFGMON$sC.G. 17486 V.$x1 966 ## $b001$dJulho$e2001$lBN$mFGMON$sC.G. 17486 V.$x1 966 ## $b001$dMarço$e2002$lBN$mFGMON$sC.G. 17486 V.$x1
Etiqueta de registo: 01339cam 2200361 450 001 1016368 003 http://id.bnportugal.gov.pt/bib/catbnp/1016368 021 ## $aPT$b93944/95 100 ## $a19930402d1999 m y0pory01030103ba 101 0# $apor 102 ## $aPT 105 ## $aa b 000yy 106 ## $ar 200 1# $aAntiguidades, pintura moderna, pintura contemporânea e objectos de arte$eBarão de Pernes e outras proveniências$fLeiria e Nascimento$gcoord. Dolores Segrelles... [et al.]$gfot. Paulo Rascão, David Marques Grenha 210 #9 $aLisboa$cLeiria e Nascimento,$d1999 215 ## $a142 p.$cil.$d27 cm 503 1# $aCatálogo de leilão.$j1999,$d05,$mLisboa 606 ## $aAntiguidades$xLeilões$j[Catálogos]$2SIPOR$3129395 675 ## $a7(083.82)$vBN$zpor$3390152 675 ## $a7.075$vBN$zpor$31004982 702 #1 $aSegrelles,$bDolores$4340$368354 702 #1 $aRascão,$bPaulo$4600$3891663 702 #1 $aGrenha,$bDavid Marques$4600$3956609 710 02 $aWorld Legend - Leiria e Nascimento$312521 856 41 $uhttp://rnod.bnportugal.gov.pt/ImagesBN/winlibimg.aspx?skey=&doc=1016368&img=219551&save=true 966 ## $b001$lBN$mFGMON$sB.A. 53256 V.$x1 966 ## $b001$lBN$mFGMON$sB.A. 53256 V.-D$x1 972 ## $e0$z0$d20260227$vasantos 976 ## $d20260226$risantos
Etiqueta de registo: 01021cam 2200277 450 001 1016372 003 http://id.bnportugal.gov.pt/bib/catbnp/1016372 005 20000704114700.0 021 ## $aPT$b93944/95 100 ## $a19990803g19999999m y0pory0103 ba 101 0# $apor 102 ## $aPT 105 ## $aa b 000yy 106 ## $ar 200 1# $aAntiguidades, pintura moderna, pintura contemporânea, objectos de arte e jóias$fLeiria Nascimento$gcoord. Dolores Segrelles, José Pedro Pereira da Cruz 210 #9 $aLisboa$cLeiria e Nascimento,$d1999- 215 ## $av.$cmuito il.$d27 cm 503 1# $aCatálogo de leilão.$j1999 606 ## $aAntiguidades$xLeilões$j[Catálogos]$2SIPOR$3129395 675 ## $a7(083.82)$vBN$zpor$3390152 675 ## $a7.075$vBN$zpor$31004982 702 #1 $aCruz,$bJosé Pedro Pereira da$4340$3943991 702 #1 $aSegrelles,$bDolores$4340$368354 710 02 $aWorld Legend - Leiria e Nascimento$312521 801 #0 $aPT$bBN$gRPC 966 ## $b001$dJulho$e1999$lBN$mFGMON$sC.G. 17287 V.$x1 966 ## $b001$dJulho$e1999$lBN$mFGMON$sC.G. 17287 V.$x1
Etiqueta de registo: 00770cam 2200253 450 001 1004689 003 http://id.bnportugal.gov.pt/bib/catbnp/1004689 021 ## $aPT$b93944/95 100 ## $a19991021d1999 m y0pory01030103ba 101 0# $apor 102 ## $aPT 105 ## $aa b 000yy 106 ## $ar 200 1# $aAntiguidades, pintura moderna, objectos de arte e jóias$fLeiria e Nascimento 210 #9 $aLisboa$cLeiria e Nascimento,$d1999 215 ## $a188 p.$cil.$d27 cm 503 1# $aCatálogo de leilões.$j1999$d02$mLisboa 606 ## $aAntiguidades$xLeilões$j[Catálogos]$2SIPOR$3129395 675 ## $a7(083.82)$vBN$zpor$3390152 675 ## $a7.075$vBN$zpor$31004982 710 02 $aWorld Legend - Leiria e Nascimento$312521 966 ## $lBN$mFGMON$sB.A. 17285 V.$x1 966 ## $lBN$mFGMON$sB.A. 17285 V.$x1 966 ## $lBN$mFGMON$sB.A. 53407 V.$x3 972 ## $e0$z0$d20260428$vlrevez 973 ## $cigoulao$d20260319
Etiqueta de registo: 00839cam 2200253 450 001 1004691 003 http://id.bnportugal.gov.pt/bib/catbnp/1004691 005 20010905101900.0 021 ## $aPT$b93944/95 100 ## $a19991021g19999999k y0pory0103 ba 101 0# $apor 102 ## $aPT 105 ## $aa b 000yy 106 ## $ar 200 1# $aRecheio de um palacete em Lisboa e outras proveniências$eimportante leilão$fLeiria e Nascimento 210 #9 $aLisboa$cLeiria e Nascimento,$d1999- 215 ## $av.$cil.$d27 cm 503 1# $aCatálogo de leilão 606 ## $aAntiguidades$xLeilões$j[Catálogos]$2SIPOR$3129395 675 ## $a7(083.82)$vBN$zpor$3390152 675 ## $a7.075$vBN$zpor$31004982 710 02 $aWorld Legend - Leiria e Nascimento$312521 966 ## $b001$dMarço$e1999$lBN$mFGMON$sC.G. 17205 V.$x1 966 ## $b001$dMarço$e1999$lBN$mFGMON$sC.G. 17205 V.$x1
Etiqueta de registo: 00945cam 2200277 450 001 998849 003 http://id.bnportugal.gov.pt/bib/catbnp/998849 005 20010905101700.0 021 ## $aPT$b93944/95 100 ## $a19990715g19989999m y0pory0103 ba 101 0# $apor 102 ## $aPT 105 ## $aa b 000yy 106 ## $ar 200 1# $aImportante leilão antiguidades, porcelanas, objectos, pintura moderna e contemporânea$eexposição$fLeiria e Nascimento 210 #9 $aLisboa$cLeiria e Nascimento,$d1998- 215 ## $av.$cil.$d27 cm 503 1# $aCatálogo de leilão 606 ## $aAntiguidades$xLeilões$j[Catálogos]$2SIPOR$3129395 675 ## $a7(083.82)$vBN$zpor$3390152 675 ## $a7.075$vBN$zpor$31004982 710 02 $aWorld Legend - Leiria e Nascimento$312521 801 #0 $aPT$bBN$gRPC 966 ## $b001$dOut.$e1998$lBN$mFGMON$sC.G. 17052 V.$x1 966 ## $b001$dOut.$e1998$lBN$mFGMON$sC.G. 17052 V.$x1
Etiqueta de registo: 01077cam 2200313 450 001 991197 003 http://id.bnportugal.gov.pt/bib/catbnp/991197 021 ## $aPT$b93944/95 100 ## $a19990627d1998 m y0pory01030103ba 101 0# $apor 102 ## $aPT 105 ## $aa b 000yy 106 ## $ar 200 1# $aImportante colecção particular de antiguidades e pintura$fLeiria e Nascimento$gfot. Paulo Rascão 210 #9 $aLisboa$cLeiria e Nascimento,$d1998 215 ## $a90 p.$cil.$d28 cm 503 1# $aCatálogo de leilão.$d0313$j1998 512 1# $aDuas importantes colecções particulares de antiguidades e pintura 606 ## $aAntiguidades$xLeilões$j[Catálogos]$2SIPOR$3129395 675 ## $a7(083.82)$vBN$zpor$3390152 675 ## $a7.075$vBN$zpor$31004982 702 #1 $aRascão,$bPaulo$4600$3891663 710 02 $aWorld Legend - Leiria e Nascimento$312521 801 #0 $aPT$bBN$gRPC 966 ## $lBN$mFGMON$sB.A. 52718 V.$x1 966 ## $lBN$mFGMON$sB.A. 52718 V.-D$x1 966 ## $lBN$mFGMON$sB.A. 52719 V.$x3 971 ## $casantos$d20250925 972 ## $e0$z0$d20251003$vlrevez
Etiqueta de registo: 00993cam 2200301 450 001 991196 003 http://id.bnportugal.gov.pt/bib/catbnp/991196 021 ## $aPT$b93946/95 100 ## $a19990627d1998 m y0pory01030103ba 101 0# $apor 102 ## $aPT 105 ## $aa b 000yy 106 ## $ar 200 1# $aImportante colecção de antiguidades e pintura portuguesa$fLeiria e Nascimento$gfot. Paulo Rascão 210 #9 $aLisboa$cLeiria e Nascimento,$d1998 215 ## $a86 p.$cil.$d28 cm 503 1# $aCatálogo de leilão.$d0129,$j1998$mLisboa 606 ## $aAntiguidades$xLeilões$j[Catálogos]$2SIPOR$3129395 675 ## $a73/76(083.82)$vBN$zpor$3920563 675 ## $a7.075(083.82)$vBN$zpor$31222913 675 ## $a061.4$vBN$zpor$3288771 702 #1 $aRascão,$bPaulo$4600$3891663 710 02 $aWorld Legend - Leiria e Nascimento$312521 801 #0 $aPT$bBN$gRPC 966 ## $lBN$mFGMON$sB.A. 52720 V.$x1 966 ## $lBN$mFGMON$sB.A. 52720 V.-D$x1 966 ## $lBN$mFGMON$sB.A. 52721 V.$x3 971 ## $casantos$d20250925 972 ## $e0$z0$d20251003$vlrevez
Etiqueta de registo: 00975cam 2200301 450 001 991195 003 http://id.bnportugal.gov.pt/bib/catbnp/991195 005 19990627000000.0 021 ## $aPT$b93946/95 095 ## $aPTBN01003450 100 ## $a19980716g19989999m y0pory0103 ba 101 0# $apor 102 ## $aPT 105 ## $aa b 000yy 106 ## $ar 200 1# $aAntiguidades, objectos de arte e pintura$f[org.] Leiria e Nascimento$gfot. Paulo Rascão 210 #9 $aLisboa$cLeiria e Nascimento,$d1998- 215 ## $av.$cil.$d27 cm 503 1# $aCatálogo de leilão.$j1998,$d0325 606 ## $aAntiguidades$xLeilões$j[Catálogos]$2SIPOR$3129395 675 ## $a7(083.82)$vBN$zpor$3390152 675 ## $a7.075$vBN$zpor$31004982 702 #1 $aRascão,$bPaulo$4600$3891663 710 02 $aWorld Legend - Leiria e Nascimento$312521 801 #0 $aPT$bBN$gRPC 966 ## $c2$dMar. 1998$lBN$mFGMON$sC.G. 16801 V.$x1 966 ## $c2$dMar. 1998$lBN$mFGMON$sC.G. 16801 V.$x1
Etiqueta de registo: 00230nam 2200025 450 001 1562381 003 http://id.bnportugal.gov.pt/bib/catbnp/1562381 021 ## $aPT$b236934/05 100 ## $a20070207d2006 km y0pory01030103ba 101 0# $apor 102 ## $aPT 105 ## $aa b 000yy 106 ## $ar 200 1# $aAntiguidades, objectos de arte, pintura moderna e contemporânea$fLeiria e Nascimento 210 #9 $aLisboa$cLeiria e Nascimento,$d2006 215 ## $a184, [7] p.$cil.$d27 cm 503 1# $aCatálogo de leilão.$j2006$d01 675 ## $a7(083.82)$vBN$zpor$3390152 675 ## $a7.075$vBN$zpor$31004982 710 02 $aWorld Legend - Leiria e Nascimento$312521 801 #0 $aPT$bBN$gRPC 900 ## $aBIBNAC$d20130602 966 ## $lBN$mFGMON$sB.A. 27420 V.$x1 966 ## $lBN$mFGMON$sB.A. 27420 V.-D $x1 966 ## $lBN$mFGMON$sB.A. 53440 V.$x3 972 ## $e0$z0$d20260428$vlrevez 973 ## $cigoulao$d20260319
Etiqueta de registo: 00691nam 02200205 04500 001 1092484 003 http://id.bnportugal.gov.pt/bib/catbnp/1092484 021 ## $aPT$b182609/02 100 ## $a20021003d2002 m y0pory01030103ba 101 0# $apor 102 ## $aPT 105 ## $aa z 000yy 106 ## $ar 200 1# $aImportante leilão$eantiguidades, objectos de arte, pintura moderna e contemporânea, portuguesa e estrangeira$fcoord. Dolores Segrelles, José Pedro Pereira Cruz, Jorge G. H. de Brito$gfot. David Marques Grenha 210 #9 $aLisboa$cLeiria e Nascimento,$d2002 215 ## $a291, [5] p.$cil.$d27 cm 503 1# $aCatálogo de leilão.$d10$i2002$mLisboa 606 ## $aAntiguidades$xLeilões$j[Catálogos]$2SIPOR$3129395 675 ## $a7(083.82)$vBN$zpor$3390152 675 ## $a7.075$vBN$zpor$31004982 702 #1 $aSegrelles,$bDolores$4340$368354 702 #1 $aCruz,$bJosé Pedro Pereira da$4340$3943991 702 #1 $aBrito,$bJorge G. H. de$4340$31967817 702 #1 $aGrenha,$bDavid Marques$4600$3956609 710 02 $aWorld Legend - Leiria e Nascimento$312521 966 ## $lBN$mFGMON$sB.A. 52668 V.$x1 966 ## $lBN$mFGMON$sB.A. 52668 V.-D$x1 966 ## $b002$lBN$mFGMON$sB.A. 52758 V.$x3 975 ## $e0$d20251212$viquintas
Etiqueta de registo: 00000nam 2200025 450 001 2223292 003 http://id.bnportugal.gov.pt/bib/catbnp/2223292 021 ## $aPT$b302298/09 100 ## $a20250908d2009 m y0pory01030103ba 101 0# $apor 102 ## $aPT 105 ## $aa b 000yy 106 ## $ar 200 1# $aColeccionismo$fLeiria e Nascimento 210 #9 $aLisboa$cLeiria e Nascimento,$d2009 215 ## $a28 p.$cil.$d27 cm. 503 1# $aCatálogo de leilão.$j2009$d12$mLisboa 675 ## $a7(083.82)$vBN$zpor$3390152 675 ## $a7.075$vBN$zpor$31004982 710 02 $aWorld Legend - Leiria e Nascimento$312521 801 #0 $aPT$bBN$gRPC 966 ## $lBN$mFGMON$sB.A. 53701 V.$x3 971 ## $corlando$d20250908 973 ## $cigoulao$d20260409 975 ## $e0$d20260505$viquintas
Etiqueta de registo: 00673nam 02200217 04500 001 1092488 003 http://id.bnportugal.gov.pt/bib/catbnp/1092488 021 ## $aPT$b181701/02 100 ## $a20021003d2002 m y0pory01030103ba 101 0# $apor 102 ## $aPT 105 ## $aa z 000yy 106 ## $ar 200 1# $aImportante leilão$eantiguidades, objectos de arte, jóias, pintura moderna e contemporânea$fLeiria e Nascimento$gcoord. Dolores Segrelles, José Pedro Pereira da Cruz, Jorge G. H. de Brito$gfot. David Marques Grenha 210 #9 $aLisboa$cLeiria e Nascimento,$d2002 215 ## $a223, [7] p.$cil.$d27 cm 503 1# $aCatálogo de leilão.$j2002$d06,$mLisboa 606 ## $aAntiguidades$xLeilões$j[Catálogos]$2SIPOR$3129395 675 ## $a7(083.82)$vBN$zpor$3390152 675 ## $a7.075$vBN$zpor$31004982 702 #1 $aSegrelles,$bDolores$4340$368354 702 #1 $aCruz,$bJosé Pedro Pereira da$4340$3943991 702 #1 $aBrito,$bJorge G. H. de$4340$31967817 702 #1 $aGrenha,$bDavid Marques$4600$3956609 710 02 $aWorld Legend - Leiria e Nascimento$312521 801 #0 $aPT$bBN$gRPC 856 41 $uhttp://rnod.bnportugal.gov.pt/ImagesBN/winlibimg.aspx?skey=&doc=1092488&img=213733&save=true 966 ## $lBN$mFGMON$pDoação António brás$sB.A. 52868 V.$x3 966 ## $lBN$mFGMON$sB.A. 52869 V.$x1 966 ## $lBN$mFGMON$sB.A. 52869 V.-D$x1
Etiqueta de registo: 00230nam 2200025 450 001 1562383 003 http://id.bnportugal.gov.pt/bib/catbnp/1562383 021 ## $aPT$b235374/05 100 ## $a20070207d2005 m y0pory01030103ba 101 0# $apor 102 ## $aPT 105 ## $aa b 001yy 106 ## $ar 200 1# $aImportante biblioteca particular e outras proveniências$fLeiria e Nascimento 210 #9 $aLisboa$cLeiria e Nascimento,$dD.L. 2005 215 ## $a143, [1] p.$cil.$d27 cm 503 1# $aCatálogo de leilão.$d11$j2005 606 ## $aLivros$xLeilões$x[Catálogos]$2SIPOR$3226292 675 ## $a017.3$vBN$zpor$3297463 710 02 $aWorld Legend - Leiria e Nascimento$312521 801 #0 $aPT$bBN$gRPC 900 ## $aBIBNAC$d20130602 966 ## $lBN$mFGMON$sAPAGAR$x3 966 ## $lBN$mFGMON$sB. 13215 V.$x1 966 ## $lBN$mFGMON$sB. 13215 V.-D $x1 966 ## $lBN$mFGMON$pDoação António Brás$sB. 14052 V. 972 ## $e0$z0$d20260421$vlrevez 973 ## $cigoulao$d20260323
Etiqueta de registo: 00540cam 022001931 04500 001 838211 003 http://id.bnportugal.gov.pt/bib/catbnp/838211 005 19990126000000.0 095 ## $aPTBN00492065 100 ## $a19910103d1952 km y0pory0103 ba 101 0# $apor 102 ## $aPT 200 1# $aLeilão de antiguidades e objectos de arte$ecatálogo 210 #9 $aLisboa$cTip. Americana,$d1952 215 ## $a6 p.$cil.$d25 cm 503 1# $aCatálogo de leiläo,$k1952 675 ## $a7(083.82)$vBN$zpor$3390152 675 ## $a7.075$vBN$zpor$31004982 710 02 $aWorld Legend - Leiria e Nascimento$312521 801 #0 $aPT$bBN$gRPC 966 ## $lBN$mFGMON$sB.A. 8220 V. 998 ## $aCI251-227
Etiqueta de registo: 02497nam 02200769 04500 001 2227315 003 http://id.bnportugal.gov.pt/bib/catbnp/2227315 021 ## $aPT$b93944/95 100 ## $a20250926d1996 km y0pory01030103ba 101 0# $apor 102 ## $aPT 105 ## $aa b 000yy 106 ## $ar 200 1# $aAntiguidades, objectos de arte, pintura moderna e contemporânea$fLeiria e Nascimento$gcoor. Dolores Segrelles... [et al.] 210 #9 $aLisboa$cLeiria e Nascimento,$d1996 215 ## $a264 p.$cil.$d27 cm 503 1# $aCatálogo de leilão.$f1996,$d07,$mLisboa 606 ## $aAntiguidades$xLeilões$j[Catálogos]$2SIPOR$3129395 606 ## $aPintura$xLeilões$j[Catálogos]$2SIPOR$394695 675 ## $a7.075(083.82)$vBN$zpor$31222913 675 ## $a75(083.82)$vBN$zpor$3385353 675 ## $a061.4$vBN$zpor$3288771 702 #1 $aSegrelles,$bDolores$4340$368354 710 02 $aWorld Legend - Leiria e Nascimento$312521 801 #0 $aPT$bBN$gRPC 856 41 $uhttp://rnod.bnportugal.gov.pt/ImagesBN/winlibimg.aspx?skey=&doc=2227315&img=213555&save=true 966 ## $lBN$mFGMON$sB.A. 52829 V.$x1 971 ## $cjbeatriz$d20250926
Etiqueta de registo: 00000nam 2200025 450 001 2223279 003 http://id.bnportugal.gov.pt/bib/catbnp/2223279 021 ## $aPT$b242637/06 100 ## $a20250814d2006 m y0pory01030103ba 101 0# $apor 102 ## $aPT 105 ## $aa b 000yy 106 ## $ar 200 1# $aJóias e objectos de colecção$fLeiria e Nascimento$gfot. David Marques Grenha, Carlos Anjos 210 #9 $aLisboa$cLeiria e Nascimento,$d2006 215 ## $a44, [4] p.$cil.$d27 cm 503 1# $aCatálogo de leilão.$j2006$d05$mLisboa 675 ## $a7(083.82)$vBN$zpor$3390152 675 ## $a7.075$vBN$zpor$31004982 702 #1 $aGrenha,$bDavid Marques$4600$3956609 702 #1 $93$aAnjos,$bCarlos$4600$31967839 710 02 $aWorld Legend - Leiria e Nascimento$312521 801 #0 $aPT$bBN$gRPC 966 ## $lBN$mFGMON$sB.A. 53489 V.$x3 971 ## $casantos$d20250904 973 ## $cigoulao$d20260323 975 ## $e0$d20260402$viquintas
Etiqueta de registo: 00000nam 2200025 450 001 2223278 003 http://id.bnportugal.gov.pt/bib/catbnp/2223278 021 ## $aPT$b249237/06 100 ## $a20250814d2006 m y0pory01030103ba 101 0# $apor 102 ## $aPT 105 ## $aa b 000yy 106 ## $ar 200 1# $aJóias e objectos de colecção$fLeiria e Nascimento 210 #9 $aLisboa$cLeiria e Nascimento,$d2006 215 ## $a42, [6] p.$cil.$d27 cm 503 1# $aCatálogo de leilão.$j2006$d10$mLisboa 675 ## $a7(083.82)$vBN$zpor$3390152 675 ## $a7.075$vBN$zpor$31004982 710 02 $aWorld Legend - Leiria e Nascimento$312521 801 #0 $aPT$bBN$gRPC 966 ## $lBN$mFGMON$sB.A. 53607 V.$x3 971 ## $casantos$d20250905 973 ## $cigoulao$d20260401 975 ## $e0$d20260410$viquintas
Etiqueta de registo: 00000nam 2200025 450 001 2223318 003 http://id.bnportugal.gov.pt/bib/catbnp/2223318 021 ## $aPT$b93944/95 100 ## $a20250814d1998 m y0pory01030103ba 101 0# $apor 102 ## $aPT 105 ## $aa b 000yy 106 ## $ar 200 1# $aAntiguidades, pintura e objectos de arte$fLeiria e Nascimento 210 #9 $aLisboa$cLeiria e Nascimento,$d1998 215 ## $a127 p.$cil.$d27 cm 503 1# $aCatálogo de leilão.$d0624,$j1998,$mLisboa 675 ## $a7(083.82)$vBN$zpor$3390152 675 ## $a7.075$vBN$zpor$31004982 710 02 $aWorld Legend - Leiria e Nascimento$312521 801 #0 $aPT$bBN$gRPC 966 ## $lBN$mFGMON$sB.A. 52728 V.$x3 971 ## $casantos$d20250925 972 ## $e0$z0$d20251003$vlrevez 973 ## $ctrodrigues$d20250926
Etiqueta de registo: 00000nam 2200025 450 001 2223316 003 http://id.bnportugal.gov.pt/bib/catbnp/2223316 021 ## $aPT$b93944/95 100 ## $a20250814d1997 m y0pory01030103ba 101 0# $apor 102 ## $aPT 105 ## $aa b 000yy 106 ## $ar 200 1# $aAntiguidades, pintura e objectos de arte$fLeiria e Nascimento 210 #9 $aLisboa$cLeiria e Nascimento,$d1997 215 ## $a151 p.$cil.$d27 cm 503 1# $aCatálogo de leilão.$d0114,$j1997,$mLisboa 675 ## $a7(083.82)$vBN$zpor$3390152 675 ## $a7.075$vBN$zpor$31004982 710 02 $aWorld Legend - Leiria e Nascimento$312521 801 #0 $aPT$bBN$gRPC 966 ## $lBN$mFGMON$sB.A. 52730 V.$x3 966 ## $lBN$mFGMON$sB.A. 52731 V.$x1 971 ## $casantos$d20250925 972 ## $e0$z0$d20251003$vlrevez 973 ## $ctrodrigues$d20250926
Etiqueta de registo: 02497nam 02200769 04500 001 2227359 003 http://id.bnportugal.gov.pt/bib/catbnp/2227359 021 ## $aPT$b160885/01 100 ## $a20250926d2001 km y0pory01030103ba 101 0# $apor 102 ## $aPT 105 ## $aa b 000yy 106 ## $ar 200 1# $aAntiguidades, objectos de arte, pintura moderna e contemporânea$fLeiria e Nascimento$gcoord. Dolores Segrelles... [et al.]$gfot. Paulo Rascão, David Marques Grenha 210 #9 $aLisboa$cLeiria e Nascimento,$d2001 215 ## $a173 p.$cil.$d27 cm 503 1# $aCatálogo de leilão.$j2001,$d02,$mLisboa 606 ## $aAntiguidades$xLeilões$j[Catálogos]$2SIPOR$3129395 606 ## $aPintura$xLeilões$j[Catálogos]$2SIPOR$394695 675 ## $a7.075(083.82)$vBN$zpor$31222913 675 ## $a75(083.82)$vBN$zpor$3385353 675 ## $a061.4$vBN$zpor$3288771 702 #1 $aSegrelles,$bDolores$4340$368354 702 #1 $aRascão,$bPaulo$4600$3891663 702 #1 $aGrenha,$bDavid Marques$4600$3956609 710 02 $aWorld Legend - Leiria e Nascimento$312521 801 #0 $aPT$bBN$gRPC 966 ## $lBN$mFGMON$sB.A. 52876 V.$x1 966 ## $lBN$mFGMON$sB.A. 52876 V.-D$x1 971 ## $cjbeatriz$d20250926
Etiqueta de registo: 02497nam 02200769 04500 001 2227358 003 http://id.bnportugal.gov.pt/bib/catbnp/2227358 021 ## $aPT$b161933/01 100 ## $a20250926d2001 km y0pory01030103ba 101 0# $apor 102 ## $aPT 105 ## $aa b 000yy 106 ## $ar 200 1# $aAntiguidades, objectos de arte, pintura moderna e contemporânea$fLeiria e Nascimento$gcoord. Dolores Segrelles... [et al.]$gfot. Paulo Rascão, David Marques Grenha 210 #9 $aLisboa$cLeiria e Nascimento,$d2001 215 ## $a173 p.$cil.$d27 cm 503 1# $aCatálogo de leilão.$j2001,$d03,$mLisboa 606 ## $aAntiguidades$xLeilões$j[Catálogos]$2SIPOR$3129395 606 ## $aPintura$xLeilões$j[Catálogos]$2SIPOR$394695 675 ## $a7.075(083.82)$vBN$zpor$31222913 675 ## $a75(083.82)$vBN$zpor$3385353 675 ## $a061.4$vBN$zpor$3288771 702 #1 $aSegrelles,$bDolores$4340$368354 702 #1 $aRascão,$bPaulo$4600$3891663 702 #1 $aGrenha,$bDavid Marques$4600$3956609 710 02 $aWorld Legend - Leiria e Nascimento$312521 801 #0 $aPT$bBN$gRPC 856 41 $uhttp://rnod.bnportugal.gov.pt/ImagesBN/winlibimg.aspx?skey=&doc=2227358&img=213753&save=true 966 ## $lBN$mFGMON$sB.A. 52873 V.$x1 966 ## $lBN$mFGMON$sB.A. 52873 V.-D$x1 966 ## $lBN$mFGMON$pDoação António Brás$sB.A. 52874 V.$x3 971 ## $cjbeatriz$d20250926
Etiqueta de registo: 02497nam 02200769 04500 001 2227357 003 http://id.bnportugal.gov.pt/bib/catbnp/2227357 021 ## $aPT$b164166/01 100 ## $a20250926d2001 km y0pory01030103ba 101 0# $apor 102 ## $aPT 105 ## $aa b 000yy 106 ## $ar 200 1# $aAntiguidades, objectos de arte, pintura moderna e contemporânea$fLeiria e Nascimento$gcoord. Dolores Segrelles... [et al.]$gfot. Paulo Rascão, David Marques Grenha 210 #9 $aLisboa$cLeiria e Nascimento,$d2001 215 ## $a188, [3] p.$cil.$d27 cm 503 1# $aCatálogo de leilão.$j2001,$d05,$mLisboa 606 ## $aAntiguidades$xLeilões$j[Catálogos]$2SIPOR$3129395 606 ## $aPintura$xLeilões$j[Catálogos]$2SIPOR$394695 675 ## $a7.075(083.82)$vBN$zpor$31222913 675 ## $a75(083.82)$vBN$zpor$3385353 675 ## $a061.4$vBN$zpor$3288771 702 #1 $aSegrelles,$bDolores$4340$368354 702 #1 $aRascão,$bPaulo$4600$3891663 702 #1 $aGrenha,$bDavid Marques$4600$3956609 710 02 $aWorld Legend - Leiria e Nascimento$312521 801 #0 $aPT$bBN$gRPC 856 41 $uhttp://rnod.bnportugal.gov.pt/ImagesBN/winlibimg.aspx?skey=&doc=2227357&img=213752&save=true 966 ## $lBN$mFGMON$sB.A. 52877 V.$x1 966 ## $lBN$mFGMON$sB.A. 52877 V.-D$x1 966 ## $lBN$mFGMON$pDoação António Brás$sB.A. 52878 V.$x3 971 ## $cjbeatriz$d20250926
Etiqueta de registo: 02497nam 02200769 04500 001 2227355 003 http://id.bnportugal.gov.pt/bib/catbnp/2227355 021 ## $aPT$b162818/01 100 ## $a20250926d2001 km y0pory01030103ba 101 0# $apor 102 ## $aPT 105 ## $aa b 000yy 106 ## $ar 200 1# $aAntiguidades, objectos de arte, pintura moderna e contemporânea$fLeiria e Nascimento$gcoord. Dolores Segrelles, José Pedro Pereira da Cruz, Jorge G. H. de Brito$gfot. Paulo Rascão, David Marques Grenha 210 #9 $aLisboa$cLeiria e Nascimento,$d2001 215 ## $a173, [2] p.$cil.$d27 cm 503 1# $aCatálogo de leilão.$j2001,$d04$mLisboa 606 ## $aAntiguidades$xLeilões$j[Catálogos]$2SIPOR$3129395 606 ## $aPintura$xLeilões$j[Catálogos]$2SIPOR$394695 675 ## $a7.075(083.82)$vBN$zpor$31222913 675 ## $a75(083.82)$vBN$zpor$3385353 675 ## $a061.4$vBN$zpor$3288771 702 #1 $aSegrelles,$bDolores$4340$368354 702 #1 $aCruz,$bJosé Pedro Pereira da$4340$3943991 702 #1 $aBrito,$bJorge G. H. de$4340$31967817 702 #1 $aRascão,$bPaulo$4600$3891663 702 #1 $aGrenha,$bDavid Marques$4600$3956609 710 02 $aWorld Legend - Leiria e Nascimento$312521 801 #0 $aPT$bBN$gRPC 856 41 $uhttp://rnod.bnportugal.gov.pt/ImagesBN/winlibimg.aspx?skey=&doc=2227355&img=213751&save=true 966 ## $lBN$mFGMON$sB.A. 52872 V.$x1 966 ## $lBN$mFGMON$sB.A. 52872 V.-D$x1 971 ## $cjbeatriz$d20250926
Etiqueta de registo: 02497nam 02200769 04500 001 2227352 003 http://id.bnportugal.gov.pt/bib/catbnp/2227352 021 ## $aPT$b150496/00 100 ## $a20250926d2000 km y0pory01030103ba 101 0# $apor 102 ## $aPT 105 ## $aa b 000yy 106 ## $ar 200 1# $aAntiguidades, objectos de arte, pintura moderna e contemporânea$fLeiria e Nascimento$gDolores Segrelles, José Pedro Pereira da Cruz, Maria da Conceição Alpoim Calvão$gfot. Paulo Rascão, David Marques Grenha 210 #9 $aLisboa$cLeiria e Nascimento,$d2000 215 ## $a165, [2] p.$cil.$d27 cm 503 1# $aCatálogo de leilão.$j2000,$d05,$mLisboa 606 ## $aAntiguidades$xLeilões$j[Catálogos]$2SIPOR$3129395 606 ## $aPintura$xLeilões$j[Catálogos]$2SIPOR$394695 675 ## $a7.075(083.82)$vBN$zpor$31222913 675 ## $a75(083.82)$vBN$zpor$3385353 675 ## $a061.4$vBN$zpor$3288771 702 #1 $aSegrelles,$bDolores$4340$368354 702 #1 $aCruz,$bJosé Pedro Pereira da$4340$3943991 702 #1 $aCalvão,$bMaria da Conceição Alpoim$4340$31968333 702 #1 $aRascão,$bPaulo$4600$3891663 702 #1 $aGrenha,$bDavid Marques$4600$3956609 710 02 $aWorld Legend - Leiria e Nascimento$312521 801 #0 $aPT$bBN$gRPC 856 41 $uhttp://rnod.bnportugal.gov.pt/ImagesBN/winlibimg.aspx?skey=&doc=2227352&img=213688&save=true 966 ## $lBN$mFGMON$sB.A. 52860 V.$x1 966 ## $lBN$mFGMON$sB.A. 52860 V.-D$x1 971 ## $cjbeatriz$d20250926
Etiqueta de registo: 02497nam 02200769 04500 001 2227351 003 http://id.bnportugal.gov.pt/bib/catbnp/2227351 021 ## $aPT$b149349/00 100 ## $a20250926d2000 km y0pory01030103ba 101 0# $apor 102 ## $aPT 105 ## $aa b 000yy 106 ## $ar 200 1# $aAntiguidades, objectos de arte, pintura moderna e contemporânea$fLeiria e Nascimento$gDolores Segrelles, José Pedro Pereira da Cruz, Maria da Conceição Alpoim Calvão$gfot. Paulo Rascão, David Marques Grenha 210 #9 $aLisboa$cLeiria e Nascimento,$d2000 215 ## $a189, [2] p.$cil.$d27 cm 503 1# $aCatálogo de leilão.$j2000,$d04,$mLisboa 606 ## $aAntiguidades$xLeilões$j[Catálogos]$2SIPOR$3129395 606 ## $aPintura$xLeilões$j[Catálogos]$2SIPOR$394695 675 ## $a7.075(083.82)$vBN$zpor$31222913 675 ## $a75(083.82)$vBN$zpor$3385353 675 ## $a061.4$vBN$zpor$3288771 702 #1 $aSegrelles,$bDolores$4340$368354 702 #1 $aCruz,$bJosé Pedro Pereira da$4340$3943991 702 #1 $aCalvão,$bMaria da Conceição Alpoim$4340$31968333 702 #1 $aRascão,$bPaulo$4600$3891663 702 #1 $aGrenha,$bDavid Marques$4600$3956609 710 02 $aWorld Legend - Leiria e Nascimento$312521 801 #0 $aPT$bBN$gRPC 856 41 $uhttp://rnod.bnportugal.gov.pt/ImagesBN/winlibimg.aspx?skey=&doc=2227351&img=213687&save=true 966 ## $lBN$mFGMON$sB.A. 52864 V.$x1 966 ## $lBN$mFGMON$sB.A. 52864 V.-D$x1 971 ## $cjbeatriz$d20250926
Etiqueta de registo: 02497nam 02200769 04500 001 2227349 003 http://id.bnportugal.gov.pt/bib/catbnp/2227349 021 ## $aPT$b152715/00 100 ## $a20250926d2000 km y0pory01030103ba 101 0# $apor 102 ## $aPT 105 ## $aa b 000yy 106 ## $ar 200 1# $aAntiguidades, objectos de arte, pintura moderna e contemporânea$fLeiria e Nascimento$gDolores Segrelles, José Pedro Pereira da Cruz, Maria da Conceição Alpoim Calvão$gfot. Paulo Rascão, David Marques Grenha 210 #9 $aLisboa$cLeiria e Nascimento,$d2000 215 ## $a211, [4] p.$cil.$d27 cm 503 1# $aCatálogo de leilão.$j2000,$d07,$mLisboa 606 ## $aAntiguidades$xLeilões$j[Catálogos]$2SIPOR$3129395 606 ## $aPintura$xLeilões$j[Catálogos]$2SIPOR$394695 675 ## $a7.075(083.82)$vBN$zpor$31222913 675 ## $a75(083.82)$vBN$zpor$3385353 675 ## $a061.4$vBN$zpor$3288771 702 #1 $aSegrelles,$bDolores$4340$368354 702 #1 $aCruz,$bJosé Pedro Pereira da$4340$3943991 702 #1 $aCalvão,$bMaria da Conceição Alpoim$4340$31968333 702 #1 $aRascão,$bPaulo$4600$3891663 702 #1 $aGrenha,$bDavid Marques$4600$3956609 710 02 $aWorld Legend - Leiria e Nascimento$312521 801 #0 $aPT$bBN$gRPC 856 41 $uhttp://rnod.bnportugal.gov.pt/ImagesBN/winlibimg.aspx?skey=&doc=2227349&img=213686&save=true 966 ## $lBN$mFGMON$sB.A. 52863 V.$x1 966 ## $lBN$mFGMON$sB.A. 52863 V.-D$x1 971 ## $cjbeatriz$d20250926
Etiqueta de registo: 02497nam 02200769 04500 001 2227346 003 http://id.bnportugal.gov.pt/bib/catbnp/2227346 021 ## $aPT$b155550/00 100 ## $a20250926d2000 km y0pory01030103ba 101 0# $apor 102 ## $aPT 105 ## $aa b 000yy 106 ## $ar 200 1# $aAntiguidades, objectos de arte, pintura moderna e contemporânea$erecheio de uma casa na Linha do Estoril$fLeiria e Nascimento$gDolores Segrelles, José Pedro Pereira da Cruz, Maria da Conceição Alpoim Calvão$gfot. Paulo Rascão, David Marques Grenha 210 #9 $aLisboa$cLeiria e Nascimento,$d2000 215 ## $a203, [4] p.$cil.$d27 cm 503 1# $aCatálogo de leilão.$j2000,$d10,$mLisboa 606 ## $aAntiguidades$xLeilões$j[Catálogos]$2SIPOR$3129395 606 ## $aPintura$xLeilões$j[Catálogos]$2SIPOR$394695 675 ## $a7.075(083.82)$vBN$zpor$31222913 675 ## $a75(083.82)$vBN$zpor$3385353 675 ## $a061.4$vBN$zpor$3288771 702 #1 $aSegrelles,$bDolores$4340$368354 702 #1 $aCruz,$bJosé Pedro Pereira da$4340$3943991 702 #1 $aCalvão,$bMaria da Conceição Alpoim$4340$31968333 702 #1 $aRascão,$bPaulo$4600$3891663 702 #1 $aGrenha,$bDavid Marques$4600$3956609 710 02 $aWorld Legend - Leiria e Nascimento$312521 801 #0 $aPT$bBN$gRPC 966 ## $lBN$mFGMON$sB.A. 52859 V.$x1 966 ## $lBN$mFGMON$sB.A. 52859 V.-D$x1 971 ## $cjbeatriz$d20250926
Etiqueta de registo: 02497nam 02200769 04500 001 2227344 003 http://id.bnportugal.gov.pt/bib/catbnp/2227344 021 ## $aPT$b156821/00 100 ## $a20250926d2000 km y0pory01030103ba 101 0# $apor 102 ## $aPT 105 ## $aa b 000yy 106 ## $ar 200 1# $aAntiguidades, objectos de arte, pintura moderna e contemporânea$fLeiria e Nascimento$gDolores Segrelles, José Pedro Pereira da Cruz, Maria da Conceição Alpoim Calvão$gfot. Paulo Rascão, David Marques Grenha 210 #9 $aLisboa$cLeiria e Nascimento,$d2000 215 ## $a167, [8] p.$cil.$d27 cm 503 1# $aCatálogo de leilão.$j2000,$d11,$mLisboa 606 ## $aAntiguidades$xLeilões$j[Catálogos]$2SIPOR$3129395 606 ## $aPintura$xLeilões$j[Catálogos]$2SIPOR$394695 675 ## $a7.075(083.82)$vBN$zpor$31222913 675 ## $a75(083.82)$vBN$zpor$3385353 675 ## $a061.4$vBN$zpor$3288771 702 #1 $aSegrelles,$bDolores$4340$368354 702 #1 $aCruz,$bJosé Pedro Pereira da$4340$3943991 702 #1 $aCalvão,$bMaria da Conceição Alpoim$4340$31968333 702 #1 $aRascão,$bPaulo$4600$3891663 702 #1 $aGrenha,$bDavid Marques$4600$3956609 710 02 $aWorld Legend - Leiria e Nascimento$312521 801 #0 $aPT$bBN$gRPC 856 41 $uhttp://rnod.bnportugal.gov.pt/ImagesBN/winlibimg.aspx?skey=&doc=2227344&img=213725&save=true 966 ## $lBN$mFGMON$sB.A. 52858 V.$x1 966 ## $lBN$mFGMON$sB.A. 52858 V.-D$x1 971 ## $cjbeatriz$d20250926
Etiqueta de registo: 02497nam 02200769 04500 001 2227343 003 http://id.bnportugal.gov.pt/bib/catbnp/2227343 021 ## $aPT$b148115/00 100 ## $a20250926d2000 km y0pory01030103ba 101 0# $apor 102 ## $aPT 105 ## $aa b 000yy 106 ## $ar 200 1# $aAntiguidades, objectos de arte, pintura moderna e contemporânea$fLeiria e Nascimento$gcoord. Dolores Segrelles$gfot. Paulo Rascão, David Marques Grenha 210 #9 $aLisboa$cLeiria e Nascimento,$d2000 215 ## $a159 p.$cil.$d27 cm 503 1# $aCatálogo de leilão.$j2000,$d03,$mLisboa 606 ## $aAntiguidades$xLeilões$j[Catálogos]$2SIPOR$3129395 606 ## $aPintura$xLeilões$j[Catálogos]$2SIPOR$394695 675 ## $a7.075(083.82)$vBN$zpor$31222913 675 ## $a75(083.82)$vBN$zpor$3385353 675 ## $a061.4$vBN$zpor$3288771 702 #1 $aSegrelles,$bDolores$4340$368354 702 #1 $aRascão,$bPaulo$4600$3891663 702 #1 $aGrenha,$bDavid Marques$4600$3956609 710 02 $aWorld Legend - Leiria e Nascimento$4340$312521 801 #0 $aPT$bBN$gRPC 856 41 $uhttp://rnod.bnportugal.gov.pt/ImagesBN/winlibimg.aspx?skey=&doc=2227343&img=213685&save=true 966 ## $lBN$mFGMON$sB.A. 52861 V.$x1 966 ## $lBN$mFGMON$sB.A. 52861 V.-D$x1 971 ## $cjbeatriz$d20250926
Etiqueta de registo: 02497nam 02200769 04500 001 2227342 003 http://id.bnportugal.gov.pt/bib/catbnp/2227340 021 ## $aPT$b146781/00 100 ## $a20250926d2000 km y0pory01030103ba 101 0# $apor 102 ## $aPT 105 ## $aa b 000yy 106 ## $ar 200 1# $aAntiguidades, objectos de arte, pintura moderna e contemporânea$fLeiria e Nascimento$gcoord. Dolores Segrelles$gfot. Paulo Rascão, David Marques Grenha 210 #9 $aLisboa$cLeiria e Nascimento,$d2000 215 ## $a159 p.$cil.$d27 cm 503 1# $aCatálogo de leilão.$j2000,$d02,$mLisboa 606 ## $aAntiguidades$xLeilões$j[Catálogos]$2SIPOR$3129395 606 ## $aPintura$xLeilões$j[Catálogos]$2SIPOR$394695 675 ## $a7.075(083.82)$vBN$zpor$31222913 675 ## $a75(083.82)$vBN$zpor$3385353 675 ## $a061.4$vBN$zpor$3288771 702 #1 $aSegrelles,$bDolores$4340$368354 702 #1 $aRascão,$bPaulo$4600$3891663 702 #1 $aGrenha,$bDavid Marques$4600$3956609 710 02 $aWorld Legend - Leiria e Nascimento$312521 801 #0 $aPT$bBN$gRPC 856 41 $uhttp://rnod.bnportugal.gov.pt/ImagesBN/winlibimg.aspx?skey=&doc=2227342&img=213684&save=true 966 ## $lBN$mFGMON$sB.A. 52862 V.$x1 966 ## $lBN$mFGMON$sB.A. 52862 V.-D$x1 971 ## $cjbeatriz$d20250926
Etiqueta de registo: 02497nam 02200769 04500 001 2227340 003 http://id.bnportugal.gov.pt/bib/catbnp/2227340 021 ## $aPT$b151492/00 100 ## $a20250926d2000 km y0pory01030103ba 101 0# $apor 102 ## $aPT 105 ## $aa b 000yy 106 ## $ar 200 1# $aAntiguidades, objectos de arte, pintura moderna e contemporânea$fLeiria e Nascimento$gDolores Segrelles, José Pedro Pereira da Cruz, Maria da Conceição Alpoim Calvão$gfot. Paulo Rascão, David Marques Grenha 210 #9 $aLisboa$cLeiria e Nascimento,$d2000 215 ## $a177, [6] p.$cil.$d27 cm 503 1# $aCatálogo de leilão.$j2000,$d06,$mLisboa 606 ## $aAntiguidades$xLeilões$j[Catálogos]$2SIPOR$3129395 606 ## $aPintura$xLeilões$j[Catálogos]$2SIPOR$394695 675 ## $a7.075(083.82)$vBN$zpor$31222913 675 ## $a75(083.82)$vBN$zpor$3385353 675 ## $a061.4$vBN$zpor$3288771 702 #1 $aSegrelles,$bDolores$4340$368354 702 #1 $aCruz,$bJosé Pedro Pereira da$4340$3943991 702 #1 $aCalvão,$bMaria da Conceição Alpoim$4340$31968333 702 #1 $aRascão,$bPaulo$4600$3891663 702 #1 $aGrenha,$bDavid Marques$4600$3956609 710 02 $aWorld Legend - Leiria e Nascimento$312521 801 #0 $aPT$bBN$gRPC 856 41 $uhttp://rnod.bnportugal.gov.pt/ImagesBN/winlibimg.aspx?skey=&doc=2227340&img=213683&save=true 966 ## $lBN$mFGMON$sB.A. 52865 V.$x1 966 ## $lBN$mFGMON$sB.A. 52865 V.-D$x1 971 ## $cjbeatriz$d20250926
Etiqueta de registo: 02497nam 02200769 04500 001 2227336 003 http://id.bnportugal.gov.pt/bib/catbnp/2227336 021 ## $aPT$b144677/99 100 ## $a20250926d1999 km y0pory01030103ba 101 0# $apor 102 ## $aPT 105 ## $aa b 000yy 106 ## $ar 200 1# $aAntiguidades, objectos de arte, pintura moderna e contemporânea$fLeiria e Nascimento$gcoord. Dolores Segrelles... [et al.]$gfot. Paulo Rascão, David Marques Grenha 210 #9 $aLisboa$cLeiria e Nascimento,$d1999 215 ## $a144 p.$cil.$d27 cm 503 1# $aCatálogo de leilão.$j1999,$d12,$mLisboa 606 ## $aAntiguidades$xLeilões$j[Catálogos]$2SIPOR$3129395 606 ## $aPintura$xLeilões$j[Catálogos]$2SIPOR$394695 675 ## $a7.075(083.82)$vBN$zpor$31222913 675 ## $a75(083.82)$vBN$zpor$3385353 675 ## $a061.4$vBN$zpor$3288771 702 #1 $aSegrelles,$bDolores$4340$368354 702 #1 $aRascão,$bPaulo$4600$3891663 702 #1 $aGrenha,$bDavid Marques$4600$3956609 710 02 $aWorld Legend - Leiria e Nascimento$312521 801 #0 $aPT$bBN$gRPC 856 41 $uhttp://rnod.bnportugal.gov.pt/ImagesBN/winlibimg.aspx?skey=&doc=2227336&img=213621&save=true 966 ## $lBN$mFGMON$sB.A. 52856 V.$x1 966 ## $lBN$mFGMON$sB.A. 52856 V.-D$x1 971 ## $cjbeatriz$d20250926
Etiqueta de registo: 02497nam 02200769 04500 001 2227333 003 http://id.bnportugal.gov.pt/bib/catbnp/2227333 021 ## $aPT$b93944/95 100 ## $a20250926d1999 km y0pory01030103ba 101 0# $apor 102 ## $aPT 105 ## $aa b 000yy 106 ## $ar 200 1# $aAntiguidades, objectos de arte, pintura moderna e contemporânea$fLeiria e Nascimento$gcoord. Dolores Segrelles... [et al.]$gfot. Paulo Rascão, David Marques Grenha 210 #9 $aLisboa$cLeiria e Nascimento,$d1999 215 ## $a175 p.$cil.$d27 cm 503 1# $aCatálogo de leilão.$j1999,$d10,$mLisboa 606 ## $aAntiguidades$xLeilões$j[Catálogos]$2SIPOR$3129395 606 ## $aPintura$xLeilões$j[Catálogos]$2SIPOR$394695 675 ## $a7.075(083.82)$vBN$zpor$31222913 675 ## $a75(083.82)$vBN$zpor$3385353 675 ## $a061.4$vBN$zpor$3288771 702 #1 $aSegrelles,$bDolores$4340$368354 702 #1 $aRascão,$bPaulo$4600$3891663 702 #1 $aGrenha,$bDavid Marques$4600$3956609 710 02 $aWorld Legend - Leiria e Nascimento$312521 801 #0 $aPT$bBN$gRPC 856 41 $uhttp://rnod.bnportugal.gov.pt/ImagesBN/winlibimg.aspx?skey=&doc=2227333&img=213620&save=true 966 ## $lBN$mFGMON$sB.A. 52857 V.$x1 966 ## $lBN$mFGMON$sB.A. 52857 V.-D$x1 971 ## $cjbeatriz$d20250926
|
|
|